Etiqueta de registo: 00254nam 2200025 450
001 2224152
003 http://id.bnportugal.gov.pt/bib/catbnp/2224152
010 ## $a978-989-571-335-6
021 ## $aPT$b532475/24
100 ## $a20250825d2024 m y0pory01030103ba
101 1# $apor
102 ## $aPT
105 ## $aa z 000yy
106 ## $ar
200 1# $aApatite$ftextos Lia Gómez$gpesquisa Héctor Gómez$gtrad. Teresa Souto
210 #9 $a[S.l.]$cAtlântico Press,$dD.L. 2024
215 ## $a15 p.$cil.$d27 cm
225 2# $a A energia das pedras$v28
675 ## $a615.85(035)$vBN$zpor$3876340
675 ## $a549.75(035)$vBN$zpor$31965812
675 ## $a133.2(035)$vBN$zpor$31224801
700 #1 $aGómez,$bLia$31894070
702 #1 $aUroz Rodríguez,$bHéctor$4205$31266744
702 #1 $aSouto,$bTeresa Ana,$f1959-$4730$31187722
801 #0 $aPT$bBN$gRPC
856 41 $uhttp://rnod.bnportugal.gov.pt/ImagesBN/winlibimg.aspx?skey=&doc=2224152&img=212135&save=true
900 ## $aBIBNAC$d20251001
966 ## $lBN$mFGMON$sS.A. 191717 V.$x1
966 ## $lBN$mFGMON$sS.A. 191717 V.-D$x1
971 ## $cssilva$d20250825
973 ## $cmlsousa$d20250909
975 ## $e0$d20251001$viquintas
Etiqueta de registo: 00254nam 2200025 450
001 2144230
003 http://id.bnportugal.gov.pt/bib/catbnp/2144230
010 ## $a978-989-786-827-6
021 ## $aPT$b509998/23
100 ## $a20230921d2023 c y0pory01030103ba
101 1# $apor
102 ## $aPT
105 ## $aa z 000yy
106 ## $ar
200 1# $aHappytown.$hVol. 21,$iNa loja da Sue$fil. Lia Gómez$gtrad. Teresa Figueira
210 #9 $a[S.l.]$cAtlântico Press,$dcop. 2023
215 ## $a15 p.$cil.$d27 cm
675 ## $a087.5$vBN$zpor$3287999
675 ## $a502.12(0.053.5)$vBN$zpor$31416221
700 #1 $aGómez,$bLia$31894070
702 #1 $aAugusto,$bTeresa$4730$3901711
801 #0 $aPT$bBN$gRPC
856 41 $uhttp://rnod.bnportugal.gov.pt/ImagesBN/winlibimg.aspx?skey=&doc=2144230&img=184338&save=true
900 ## $aBIBNAC$d20231011
966 ## $lBN$mFGMON$sP. 64099 V.$x1
966 ## $lBN$mFGMON$sP. 64099 V.-D$x1
971 ## $corlando$d20230921
972 ## $e0$z0$d20231011$vmsebas
973 ## $caalmeid$d20230929
975 ## $e0$d20231011$visabelm
Etiqueta de registo: 00254nam 2200025 450
001 2144232
003 http://id.bnportugal.gov.pt/bib/catbnp/2144232
010 ## $a978-989-786-828-3
021 ## $aPT$b509999/23
100 ## $a20230921d2023 c y0pory01030103ba
101 1# $apor
102 ## $aPT
105 ## $aa z 000fy
106 ## $ar
200 1# $aHappytown.$hVol. 22,$iEntrem no autocarro!$fil. Lia Gómez$gtrad. Teresa Figueira
210 #9 $a[S.l.]$cAtlântico Press,$dcop. 2023
215 ## $a15 p.$cil.$d27 cm
675 ## $a087.5$vBN$zpor$3287999
675 ## $a502.12(0.053.5)$vBN$zpor$31416221
702 #1 $aGómez,$bLia$4440$31894070
702 #1 $aAugusto,$bTeresa$4730$3901711
801 #0 $aPT$bBN$gRPC
856 41 $uhttp://rnod.bnportugal.gov.pt/ImagesBN/winlibimg.aspx?skey=&doc=2144232&img=184051&save=true
900 ## $aBIBNAC$d20230928
966 ## $lBN$mFGMON$sP. 63960 V.$x1
966 ## $lBN$mFGMON$sP. 63960 V.-D$x1
971 ## $corlando$d20230921
972 ## $e0$z0$d20230928$vasantos
973 ## $cigoulao$d20230922
975 ## $e0$d20231010$visabelm
Etiqueta de registo: 00254nam 2200025 450
001 2144227
003 http://id.bnportugal.gov.pt/bib/catbnp/2144227
010 ## $a978-989-786-826-9
021 ## $aPT$b509991/23
100 ## $a20230921d2023 c y0pory01030103ba
101 1# $apor
102 ## $aPT
105 ## $aa z 000fy
106 ## $ar
200 1# $aHappytown.$hVol. 20,$iSexta-feira doce$fil. Lia Gómez$gtrad. Teresa Figueira
210 #9 $a[S.l.]$cAtlântico Press,$dcop. 2023
215 ## $a15 p.$cil.$d27 cm
675 ## $a087.5$vBN$zpor$3287999
675 ## $a502.12(0.053.5)$vBN$zpor$31416221
700 #1 $aGómez,$bLia$31894070
702 #1 $aAugusto,$bTeresa$4730$3901711
801 #0 $aPT$bBN$gRPC
856 41 $uhttp://rnod.bnportugal.gov.pt/ImagesBN/winlibimg.aspx?skey=&doc=2144227&img=184082&save=true
900 ## $aBIBNAC$d20230927
966 ## $lBN$mFGMON$sP. 63997 V.$x1
966 ## $lBN$mFGMON$sP. 63997 V.-D$x1
971 ## $corlando$d20230921
972 ## $e0$z0$d20230927$viquintas
973 ## $cmcarvalho$d20230925
975 ## $e0$d20231010$visabelm
Etiqueta de registo: 00254nam 2200025 450
001 2144226
003 http://id.bnportugal.gov.pt/bib/catbnp/2144226
010 ## $a978-989-786-849-8
021 ## $aPT$b509975/23
100 ## $a20230921d2023 c y0pory01030103ba
101 1# $apor
102 ## $aPT
105 ## $aa z 000yy
106 ## $ar
200 1# $aHappytown.$hVol. 4.$iDesaparecimentos misteriosos (I)$fil. Lia Gómez$gtrad. Teresa Figueira
210 #9 $a[S.l.]$cAtlântico Press,$dcop. 2023
215 ## $a15 p.$cil.$d27 cm
675 ## $a087.5$vBN$zpor$3287999
675 ## $a502.12(0.053.5)$vBN$zpor$31416221
702 #1 $aGómez,$bLia$4440$31894070
702 #1 $aAugusto,$bTeresa$4730$3901711
801 #0 $aPT$bBN$gRPC
856 41 $uhttp://rnod.bnportugal.gov.pt/ImagesBN/winlibimg.aspx?skey=&doc=2144226&img=184225&save=true
900 ## $aBIBNAC$d20231009
966 ## $lBN$mFGMON$sP. 64068 V.$x1
966 ## $lBN$mFGMON$sP. 64068 V.-D$x1
971 ## $corlando$d20230921
972 ## $e2$z0$d20231009$viquintas
973 ## $cmlsousa$d20230927
975 ## $e0$d20231010$visabelm
Etiqueta de registo: 00254nam 2200025 450
001 2144224
003 http://id.bnportugal.gov.pt/bib/catbnp/2144224
010 ## $a978-989-786-863-4
021 ## $aPT$b509989/23
100 ## $a20230921d2023 c y0pory01030103ba
101 1# $apor
102 ## $aPT
105 ## $aa z 000yy
106 ## $ar
200 1# $aHappytown.$hVol. 18,$iO quartel dos bombeiros (II)$fil. Lia Gómez$gtrad. Teresa Figueira
210 #9 $a[S.l.]$cAtlântico Press,$dcop. 2023
215 ## $a15 p.$cil.$d27 cm
675 ## $a087.5$vBN$zpor$3287999
675 ## $a502.12(0.053.5)$vBN$zpor$31416221
702 #1 $aGómez,$bLia$4440$31894070
702 #1 $aAugusto,$bTeresa$4730$3901711
801 #0 $aPT$bBN$gRPC
856 41 $uhttp://rnod.bnportugal.gov.pt/ImagesBN/winlibimg.aspx?skey=&doc=2144224&img=184224&save=true
900 ## $aBIBNAC$d20231009
966 ## $lBN$mFGMON$sP. 64074 V.$x1
966 ## $lBN$mFGMON$sP. 64074 V.-D$x1
971 ## $corlando$d20230921
972 ## $e0$z0$d20231009$viquintas
973 ## $ctrodrigues$d20230922
975 ## $e0$d20231010$visabelm
Etiqueta de registo: 00254nam 2200025 450
001 2144221
003 http://id.bnportugal.gov.pt/bib/catbnp/2144221
010 ## $a978-989-786-862-7
021 ## $aPT$b509988/23
100 ## $a20230921d2023 c y0pory01030103ba
101 1# $apor
102 ## $aPT
105 ## $aa z 000yy
106 ## $ar
200 1# $aHappytown.$hVol. 17,$iO quartel dos bombeiros (I)$fil. Lia Gómez$gtrad. Teresa Figueira
210 #9 $a[S.l.]$cAtlântico Press,$dcop. 2023
215 ## $a15 p.$cil.$d27 cm
675 ## $a087.5$vBN$zpor$3287999
675 ## $a502.12(0.053.5)$vBN$zpor$31416221
700 #1 $aGómez,$bLia$31894070
702 #1 $aAugusto,$bTeresa$4730$3901711
801 #0 $aPT$bBN$gRPC
856 41 $uhttp://rnod.bnportugal.gov.pt/ImagesBN/winlibimg.aspx?skey=&doc=2144221&img=184081&save=true
900 ## $aBIBNAC$d20230927
966 ## $lBN$mFGMON$sP. 63996 V.$x1
966 ## $lBN$mFGMON$sP. 63996 V.-D$x1
971 ## $corlando$d20230921
972 ## $e0$z0$d20230927$viquintas
973 ## $canasil$d20230925
975 ## $e0$d20231010$visabelm
Etiqueta de registo: 00254nam 2200025 450
001 2144207
003 http://id.bnportugal.gov.pt/bib/catbnp/2144207
010 ## $a978-989-786-861-0
021 ## $aPT$b509987/23
100 ## $a20230921d2023 c y0pory01030103ba
101 1# $apor
102 ## $aPT
105 ## $aa z 000yy
106 ## $ar
200 1# $aHappytown.$hVol. 16,$iUm sonho tornado realidade (II)$fil. Lia Gómez$gtrad. Teresa Figueira
210 #9 $a[S.l.]$cAtlântico Press,$dcop. 2023
215 ## $a15 p.$cil.$d27 cm
675 ## $a087.5$vBN$zpor$3287999
675 ## $a502.12(0.053.5)$vBN$zpor$31416221
702 #1 $aGómez,$bLia$4440$31894070
702 #1 $aAugusto,$bTeresa$4730$3901711
801 #0 $aPT$bBN$gRPC
856 41 $uhttp://rnod.bnportugal.gov.pt/ImagesBN/winlibimg.aspx?skey=&doc=2144207&img=184222&save=true
900 ## $aBIBNAC$d20231009
966 ## $lBN$mFGMON$sP. 64073 V.$x1
966 ## $lBN$mFGMON$sP. 64073 V.-D$x1
971 ## $corlando$d20230921
972 ## $e0$z0$d20231009$viquintas
973 ## $cacosta$d20230927
975 ## $e0$d20231010$visabelm
Etiqueta de registo: 00254nam 2200025 450
001 2144206
003 http://id.bnportugal.gov.pt/bib/catbnp/2144206
010 ## $a978-989-786-860-3
021 ## $aPT$b509986/23
100 ## $a20230921d2023 c y0pory01030103ba
101 1# $apor
102 ## $aPT
105 ## $aa z 000yy
106 ## $ar
200 1# $aHappytown.$hVol. 15,$iUm sonho tornado realidade (I)$fil. Lia Gómez$gtrad. Teresa Figueira
210 #9 $a[S.l.]$cAtlântico Press,$dcop. 2023
215 ## $a15 p.$cil.$d27 cm
675 ## $a087.5$vBN$zpor$3287999
675 ## $a502.12(0.053.5)$vBN$zpor$31416221
702 #1 $aGómez,$bLia$4440$31894070
702 #1 $aAugusto,$bTeresa$4730$3901711
801 #0 $aPT$bBN$gRPC
856 41 $uhttp://rnod.bnportugal.gov.pt/ImagesBN/winlibimg.aspx?skey=&doc=2144206&img=184221&save=true
900 ## $aBIBNAC$d20231009
966 ## $lBN$mFGMON$sP. 64072 V.$x1
966 ## $lBN$mFGMON$sP. 64072 V.-D$x1
971 ## $corlando$d20230921
972 ## $e0$z0$d20231009$viquintas
973 ## $ctrodrigues$d20230922
975 ## $e0$d20231010$visabelm
Etiqueta de registo: 00254nam 2200025 450
001 2144203
003 http://id.bnportugal.gov.pt/bib/catbnp/2144203
010 ## $a978-989-786-859-7
021 ## $aPT$b509985/23
100 ## $a20230921d2023 c y0pory01030103ba
101 1# $apor
102 ## $aPT
105 ## $aa z 000fy
106 ## $ar
200 1# $aHappytown.$hVol. 14,$iConcerto dos Red Soul$fil. Lia Gómez$gtrad. Teresa Figueira
210 #9 $a[S.l.]$cAtlântico Press,$dcop. 2023
215 ## $a15 p.$cil.$d27 cm
675 ## $a087.5$vBN$zpor$3287999
675 ## $a502.12(0.053.5)$vBN$zpor$31416221
702 #1 $aGómez,$bLia$4440$31894070
702 #1 $aAugusto,$bTeresa$4730$3901711
801 #0 $aPT$bBN$gRPC
856 41 $uhttp://rnod.bnportugal.gov.pt/ImagesBN/winlibimg.aspx?skey=&doc=2144203&img=184046&save=true
900 ## $aBIBNAC$d20230928
966 ## $lBN$mFGMON$sP. 63959 V.$x1
966 ## $lBN$mFGMON$sP. 63959 V.-D$x1
971 ## $corlando$d20230921
972 ## $e0$z0$d20230928$vasantos
973 ## $cigoulao$d20230922
975 ## $e0$d20231010$visabelm
Etiqueta de registo: 00254nam 2200025 450
001 2144202
003 http://id.bnportugal.gov.pt/bib/catbnp/2144202
010 ## $a978-989-786-858-0
021 ## $aPT$b509984/23
100 ## $a20230921d2023 c y0pory01030103ba
101 1# $apor
102 ## $aPT
105 ## $aa z 000fy
106 ## $ar
200 1# $aHappytown.$hVol. 13,$iUma vivenda muito musical (II)$fil. Lia Gómez$gtrad. Teresa Figueira
210 #9 $a[S.l.]$cAtlântico Press,$dcop. 2023
215 ## $a15 p.$cil.$d27 cm
675 ## $a087.5$vBN$zpor$3287999
675 ## $a502.12(0.053.5)$vBN$zpor$31416221
700 #1 $aGómez,$bLia$31894070
702 #1 $aAugusto,$bTeresa$4730$3901711
801 #0 $aPT$bBN$gRPC
856 41 $uhttp://rnod.bnportugal.gov.pt/ImagesBN/winlibimg.aspx?skey=&doc=2144202&img=184336&save=true
900 ## $aBIBNAC$d20231011
966 ## $lBN$mFGMON$sP. 64098 V.$x1
966 ## $lBN$mFGMON$sP. 64098 V.-D$x1
971 ## $corlando$d20230921
972 ## $e0$z0$d20231011$vmsebas
973 ## $caalmeid$d20230929
975 ## $e0$d20231011$visabelm
Etiqueta de registo: 00254nam 2200025 450
001 2144201
003 http://id.bnportugal.gov.pt/bib/catbnp/2144201
010 ## $a978-989-786-857-3
021 ## $aPT$b509983/23
100 ## $a20230921d2023 c y0pory01030103ba
101 1# $apor
102 ## $aPT
105 ## $aa z 000fy
106 ## $ar
200 1# $aHappytown.$hVol. 12,$iUma vivenda muito musical (I)$fil. Lia Gómez$gtrad. Teresa Figueira
210 #9 $a[S.l.]$cAtlântico Press,$dcop. 2023
215 ## $a15 p.$cil.$d27 cm
675 ## $a087.5$vBN$zpor$3287999
675 ## $a502.12(0.053.5)$vBN$zpor$31416221
700 #1 $aGómez,$bLia$31894070
702 #1 $aAugusto,$bTeresa$4730$3901711
801 #0 $aPT$bBN$gRPC
856 41 $uhttp://rnod.bnportugal.gov.pt/ImagesBN/winlibimg.aspx?skey=&doc=2144201&img=184080&save=true
900 ## $aBIBNAC$d20230927
966 ## $lBN$mFGMON$sP. 63995 V.$x1
966 ## $lBN$mFGMON$sP. 63995 V.-D$x1
971 ## $corlando$d20230921
972 ## $e0$z0$d20230927$viquintas
973 ## $cmcarvalho$d20230925
975 ## $e0$d20231011$visabelm
Etiqueta de registo: 00254nam 2200025 450
001 2144191
003 http://id.bnportugal.gov.pt/bib/catbnp/2144191
010 ## $a978-989-786-856-6
021 ## $aPT$b509982/23
100 ## $a20230921d2023 c y0pory01030103ba
101 1# $apor
102 ## $aPT
105 ## $aa z 000yy
106 ## $ar
200 1# $aHappytown.$hVol. 11,$iMovimentos em altura$fil. Lia Gómez$gtrad. Teresa Figueira
210 #9 $a[S.l.]$cAtlântico Press,$dcop. 2023
215 ## $a15 p.$cil.$d27 cm
675 ## $a087.5$vBN$zpor$3287999
675 ## $a502.12(0.053.5)$vBN$zpor$31416221
702 #1 $aGómez,$bLia$4440$31894070
702 #1 $aAugusto,$bTeresa$4730$3901711
801 #0 $aPT$bBN$gRPC
856 41 $uhttp://rnod.bnportugal.gov.pt/ImagesBN/winlibimg.aspx?skey=&doc=2144191&img=184220&save=true
900 ## $aBIBNAC$d20231009
966 ## $lBN$mFGMON$sP. 64071 V.$x1
966 ## $lBN$mFGMON$sP. 64071 V.-D$x1
971 ## $corlando$d20230921
972 ## $e0$z0$d20231009$viquintas
973 ## $cacosta$d20230927
975 ## $e0$d20231011$visabelm
Etiqueta de registo: 00254nam 2200025 450
001 2144188
003 http://id.bnportugal.gov.pt/bib/catbnp/2144188
010 ## $a978-989-786-855-9
021 ## $aPT$b509981/23
100 ## $a20230921d2023 c y0pory01030103ba
101 1# $apor
102 ## $aPT
105 ## $aa z 000yy
106 ## $ar
200 1# $aHappytown.$hVol. 10,$iO prédio encantado (II)$fil. Lia Gómez$gtrad. Teresa Figueira
210 #9 $a[S.l.]$cAtlântico Press,$dcop. 2023
215 ## $a15 p.$cil.$d27 cm
675 ## $a087.5$vBN$zpor$3287999
675 ## $a502.12(0.053.5)$vBN$zpor$31416221
700 #1 $aGómez,$bLia$31894070
702 #1 $aAugusto,$bTeresa$4730$3901711
801 #0 $aPT$bBN$gRPC
856 41 $uhttp://rnod.bnportugal.gov.pt/ImagesBN/winlibimg.aspx?skey=&doc=2144188&img=184079&save=true
900 ## $aBIBNAC$d20230927
966 ## $lBN$mFGMON$sP. 63993 V.$x1
966 ## $lBN$mFGMON$sP. 63993 V.-D$x1
971 ## $corlando$d20230921
972 ## $e0$z0$d20230927$viquintas
973 ## $canasil$d20230925
975 ## $e0$d20231011$visabelm
Etiqueta de registo: 00254nam 2200025 450
001 2144185
003 http://id.bnportugal.gov.pt/bib/catbnp/2144185
010 ## $a978-989-786-854-2
021 ## $aPT$b509980/23
100 ## $a20230921d2023 c y0pory01030103ba
101 1# $apor
102 ## $aPT
105 ## $aa z 000yy
106 ## $ar
200 1# $aHappytown.$hVol. 9,$iO prédio encantado (I)$fil. Lia Gómez$gtrad. Teresa Figueira
210 #9 $a[S.l.]$cAtlântico Press,$dcop. 2023
215 ## $a15 p.$cil.$d27 cm
675 ## $a087.5$vBN$zpor$3287999
675 ## $a502.12(0.053.5)$vBN$zpor$31416221
702 #1 $aGómez,$bLia$4440$31894070
702 #1 $aAugusto,$bTeresa$4730$3901711
801 #0 $aPT$bBN$gRPC
856 41 $uhttp://rnod.bnportugal.gov.pt/ImagesBN/winlibimg.aspx?skey=&doc=2144185&img=184219&save=true
900 ## $aBIBNAC$d20231009
966 ## $lBN$mFGMON$sP. 64070 V.$x1
966 ## $lBN$mFGMON$sP. 64070 V.-D$x1
971 ## $corlando$d20230921
972 ## $e0$z0$d20231009$viquintas
973 ## $cmlsousa$d20230927
975 ## $e0$d20231011$visabelm
Etiqueta de registo: 00254nam 2200025 450
001 2144184
003 http://id.bnportugal.gov.pt/bib/catbnp/2144184
010 ## $a978-989-786-853-5
021 ## $aPT$b509979/23
100 ## $a20230921d2023 c y0pory01030103ba
101 1# $apor
102 ## $aPT
105 ## $aa z 000yy
106 ## $ar
200 1# $aHappytown.$hVol. 8,$iApresentação do Fololi F1$fil. Lia Gómez$gtrad. Teresa Figueira
210 #9 $a[S.l.]$cAtlântico Press,$dcop. 2023
215 ## $a15 p.$cil.$d27 cm
675 ## $a087.5$vBN$zpor$3287999
675 ## $a502.12(0.053.5)$vBN$zpor$31416221
702 #1 $aGómez,$bLia$4440$31894070
702 #1 $aAugusto,$bTeresa$4730$3901711
801 #0 $aPT$bBN$gRPC
856 41 $uhttp://rnod.bnportugal.gov.pt/ImagesBN/winlibimg.aspx?skey=&doc=2144184&img=184218&save=true
900 ## $aBIBNAC$d20231009
966 ## $lBN$mFGMON$sP. 64069 V.$x1
966 ## $lBN$mFGMON$sP. 64069 V.-D$x1
971 ## $corlando$d20230921
972 ## $e0$z0$d20231009$viquintas
973 ## $ctrodrigues$d20230922
975 ## $e0$d20231011$visabelm
Etiqueta de registo: 00254nam 2200025 450
001 2144182
003 http://id.bnportugal.gov.pt/bib/catbnp/2144182
010 ## $a978-989-786-852-8
021 ## $aPT$b509978/23
100 ## $a20230921d2023 c y0pory01030103ba
101 1# $apor
102 ## $aPT
105 ## $aa z 000fy
106 ## $ar
200 1# $aHappytown.$hVol. 7,$iDesaparecimentos misteriosos (IV)$fil. Lia Gómez$gtrad. Teresa Figueira
210 #9 $a[S.l.]$cAtlântico Press,$dcop. 2023
215 ## $a15 p.$cil.$d27 cm
675 ## $a087.5$vBN$zpor$3287999
675 ## $a502.12(0.053.5)$vBN$zpor$31416221
702 #1 $aGómez,$bLia$4440$31894070
702 #1 $aAugusto,$bTeresa$4730$3901711
801 #0 $aPT$bBN$gRPC
856 41 $uhttp://rnod.bnportugal.gov.pt/ImagesBN/winlibimg.aspx?skey=&doc=2144182&img=184043&save=true
900 ## $aBIBNAC$d20230928
966 ## $lBN$mFGMON$sP. 63958 V.$x1
966 ## $lBN$mFGMON$sP. 63958 V.-D$x1
971 ## $corlando$d20230921
972 ## $e0$z0$d20230928$vasantos
973 ## $cigoulao$d20230922
975 ## $e0$d20231011$visabelm
Etiqueta de registo: 00254nam 2200025 450
001 2144180
003 http://id.bnportugal.gov.pt/bib/catbnp/2144180
010 ## $a978-989-786-851-1
021 ## $aPT$b509977/23
100 ## $a20230921d2023 c y0pory01030103ba
101 1# $apor
102 ## $aPT
105 ## $aa z 000fy
106 ## $ar
200 1# $aHappytown.$hVol. 6,$iDesaparecimentos misteriosos (III)$fil. Lia Gómez$gtrad. Teresa Figueira
210 #9 $a[S.l.]$cAtlântico Press,$dcop. 2023
215 ## $a15 p.$cil.$d27 cm
675 ## $vBN$zpor$3435446
675 ## $a087.5$vBN$zpor$3287999
675 ## $a502.12(0.053.5)$vBN$zpor$31416221
700 #1 $aGómez,$bLia$31894070
702 #1 $aAugusto,$bTeresa$4730$3901711
801 #0 $aPT$bBN$gRPC
856 41 $uhttp://rnod.bnportugal.gov.pt/ImagesBN/winlibimg.aspx?skey=&doc=2144180&img=184335&save=true
900 ## $aBIBNAC$d20231011
966 ## $lBN$mFGMON$sP. 64097 V.$x1
966 ## $lBN$mFGMON$sP. 64097 V.-D$x1
971 ## $corlando$d20230921
972 ## $e0$z0$d20231011$vmsebas
973 ## $caalmeid$d20230929
975 ## $e0$d20231011$visabelm
Etiqueta de registo: 00254nam 2200025 450
001 2144176
003 http://id.bnportugal.gov.pt/bib/catbnp/2144176
010 ## $a978-989-786-850-4
021 ## $aPT$b509976/23
100 ## $a20230921d2023 c y0pory01030103ba
101 1# $apor
102 ## $aPT
105 ## $aa z 000fy
106 ## $ar
200 1# $aHappytown.$hVol. 5,$iDesaparecimentos misteriosos (II)$fil. Lia Gómez$gtrad. Teresa Figueira
210 #9 $a[S.l.]$cAtlântico Press,$dcop. 2023
215 ## $a15 p.$cil.$d27 cm
675 ## $a087.5$vBN$zpor$3287999
675 ## $a502.12(0.053.5)$vBN$zpor$31416221
700 #1 $aGómez,$bLia$31894070
702 #1 $aAugusto,$bTeresa$4730$3901711
801 #0 $aPT$bBN$gRPC
856 41 $uhttp://rnod.bnportugal.gov.pt/ImagesBN/winlibimg.aspx?skey=&doc=2144176&img=184070&save=true
900 ## $aBIBNAC$d20230927
966 ## $lBN$mFGMON$sP. 63994 V.$x1
966 ## $lBN$mFGMON$sP. 63994 V.-D$x1
971 ## $corlando$d20230921
972 ## $e0$z0$d20230927$viquintas
973 ## $cmcarvalho$d20230925
975 ## $e0$d20231011$visabelm
Etiqueta de registo: 00254nam 2200025 450
001 2144172
003 http://id.bnportugal.gov.pt/bib/catbnp/2144172
010 ## $a978-989-786-864-1
021 ## $aPT$b509990/23
100 ## $a20230921d2023 c y0pory01030103ba
101 1# $apor
102 ## $aPT
105 ## $aa z 000yy
106 ## $ar
200 1# $aHappytown.$hVol. 19,$iO quartel dos bombeiros (III)$fil. Lia Gómez$gtrad. Teresa Figueira
210 #9 $a[S.l.]$cAtlântico Press,$dcop. 2023
215 ## $a15 p.$cil.$d27 cm
675 ## $a087.5$vBN$zpor$3287999
675 ## $a502.12(0.053.5)$vBN$zpor$31416221
702 #1 $aGómez,$bLia$4440$31894070
702 #1 $aAugusto,$bTeresa$4730$3901711
801 #0 $aPT$bBN$gRPC
856 41 $uhttp://rnod.bnportugal.gov.pt/ImagesBN/winlibimg.aspx?skey=&doc=2144172&img=184217&save=true
900 ## $aBIBNAC$d20231009
966 ## $lBN$mFGMON$sP. 64075 V.$x1
966 ## $lBN$mFGMON$sP. 64075 V.-D$x1
971 ## $corlando$d20230921
972 ## $e2$z0$d20231009$viquintas
973 ## $cmlsousa$d20230927
975 ## $e0$d20231011$visabelm
Etiqueta de registo: 00254nam 2200025 450
001 2144170
003 http://id.bnportugal.gov.pt/bib/catbnp/2144170
010 ## $a978-989-786-848-1
021 ## $aPT$b509974/23
100 ## $a20230921d2023 c y0pory01030103ba
101 1# $apor
102 ## $aPT
105 ## $aa z 000yy
106 ## $ar
200 1# $aHappytown.$hVol. 3,$iPequena grande cidade$fil. Lia Gómez$gtrad. Teresa Figueira
210 #9 $a[S.l.]$cAtlântico Press,$dcop. 2023
215 ## $a15 p.$cil.$d27 cm
675 ## $a087.5$vBN$zpor$3287999
675 ## $a502.12(0.053.5)$vBN$zpor$31416221
702 #1 $aGómez,$bLia$4440$31894070
702 #1 $aAugusto,$bTeresa$4730$3901711
801 #0 $aPT$bBN$gRPC
856 41 $uhttp://rnod.bnportugal.gov.pt/ImagesBN/winlibimg.aspx?skey=&doc=2144170&img=184216&save=true
900 ## $aBIBNAC$d20231009
966 ## $lBN$mFGMON$sP. 64067 V.$x1
966 ## $lBN$mFGMON$sP. 64067 V.-D$x1
971 ## $corlando$d20230921
972 ## $e0$z0$d20231009$viquintas
973 ## $ctrodrigues$d20230922
974 ## $e0$d20230927$vrsimoes
975 ## $e0$d20231011$visabelm
Etiqueta de registo: 00254nam 2200025 450
001 2144165
003 http://id.bnportugal.gov.pt/bib/catbnp/2144165
010 ## $a978-989-786-865-8
021 ## $aPT$b509973/23
100 ## $a20230921d2023 c y0pory01030103ba
101 1# $apor
102 ## $aPT
105 ## $aa z 000yy
106 ## $ar
200 1# $aHappytown.$hVol. 2,$iDo terraço$fil. Lia Gómez$gtrad. Teresa Figueira
210 #9 $a[S.l.]$cAtlântico Press,$dcop. 2023
215 ## $a15 p.$cil.$d27 cm
675 ## $a087.5$vBN$zpor$3287999
675 ## $a502.12(0.053.5)$vBN$zpor$31416221
700 #1 $aGómez,$bLia$31894070
702 #1 $aAugusto,$bTeresa$4730$3901711
801 #0 $aPT$bBN$gRPC
856 41 $uhttp://rnod.bnportugal.gov.pt/ImagesBN/winlibimg.aspx?skey=&doc=2144165&img=184276&save=true
900 ## $aBIBNAC$d20231011
966 ## $lBN$mFGMON$sP. 64096 V.$x1
966 ## $lBN$mFGMON$sP. 64096 V.-D$x1
971 ## $corlando$d20230921
972 ## $e0$z0$d20231011$vmsebas
973 ## $cacosta$d20230922
975 ## $e0$d20231011$visabelm
Etiqueta de registo: 00254nam 2200025 450
001 2144164
003 http://id.bnportugal.gov.pt/bib/catbnp/2144164
010 ## $a978-989-786-847-4
021 ## $aPT$b509972/23
100 ## $a20230921d2023 c y0pory01030103ba
101 1# $apor
102 ## $aPT
105 ## $aa z 000yy
106 ## $ar
200 1# $aHappytown.$hVol. 1,$iA nova esquadra da polícia$fil. Lia Gómez$gtrad. Teresa Figueira
210 #9 $a[S.l.]$cAtlântico Press,$dcop. 2023
215 ## $a15 p., [1] f. desdobr.$cil.$d27 cm
675 ## $a087.5$vBN$zpor$3287999
675 ## $a502.12(0.053.5)$vBN$zpor$31416221
702 #1 $aGómez,$bLia$4440$31894070
702 #1 $aAugusto,$bTeresa$4730$3901711
801 #0 $aPT$bBN$gRPC
856 41 $uhttp://rnod.bnportugal.gov.pt/ImagesBN/winlibimg.aspx?skey=&doc=2144164&img=184069&save=true
900 ## $aBIBNAC$d20230928
966 ## $lBN$mFGMON$sP. 63992 V.$x1
966 ## $lBN$mFGMON$sP. 63992 V.-D$x1
971 ## $corlando$d20230921
972 ## $e0$z0$d20230928$vasantos
973 ## $canasil$d20230925
975 ## $e0$d20231011$visabelm
Etiqueta de registo: 00254nam 2200025 450
001 2183552
003 http://id.bnportugal.gov.pt/bib/catbnp/2183552
010 ## $a978-989-786-839-9
021 ## $aPT$b510010/23
100 ## $a20240912d2023 c y0pory01030103ba
101 1# $apor
102 ## $aPT
105 ## $aa z 000fy
106 ## $ar
200 1# $aHappytown.$hVol. 33,$iFeira do Outono (II)$fil. Lia Gómez$gtrad. Teresa Figueira
210 #9 $a[S.l.]$cAtlântico Press,$dcop. 2023
215 ## $a15 p.$cil.$d27 cm
675 ## $a087.5$vBN$zpor$3287999
675 ## $a502.12(0.053.5)$vBN$zpor$31416221
702 #1 $aGómez,$bLia$4440$31894070
702 #1 $aAugusto,$bTeresa$4730$3901711
801 #0 $aPT$bBN$gRPC
856 41 $uhttp://rnod.bnportugal.gov.pt/ImagesBN/winlibimg.aspx?skey=&doc=2183552&img=198396&save=true
900 ## $aBIBNAC$d20241015
966 ## $lBN$mFGMON$sP. 67539 V.$x1
966 ## $lBN$mFGMON$sP. 67539 V.-D$x1
971 ## $ccsilva$d20240912
972 ## $e0$z0$d20241015$viquintas
973 ## $ctrodrigues$d20240918
Etiqueta de registo: 00254nam 2200025 450
001 2183550
003 http://id.bnportugal.gov.pt/bib/catbnp/2183550
010 ## $a978-989-786-838-2
021 ## $aPT$b510009/23
100 ## $a20240912d2023 c y0pory01030103ba
101 1# $apor
102 ## $aPT
105 ## $aa z 000yy
106 ## $ar
200 1# $aHappytown.$hVol. 32,$iFeira do Outono (I)$fil. Lia Gómez$gtrad. Teresa Figueira
210 #9 $a[S.l.]$cAtlântico Press,$dcop. 2023
215 ## $a15 p.$cil.$d27 cm
675 ## $a087.5$vBN$zpor$3287999
675 ## $a502.12(0.053.5)$vBN$zpor$31416221
702 #1 $aGómez,$bLia$4440$31894070
702 #1 $aAugusto,$bTeresa$4730$3901711
801 #0 $aPT$bBN$gRPC
856 41 $uhttp://rnod.bnportugal.gov.pt/ImagesBN/winlibimg.aspx?skey=&doc=2183550&img=198625&save=true
900 ## $aBIBNAC$d20241011
966 ## $lBN$mFGMON$sP. 67538 V.$x1
966 ## $lBN$mFGMON$sP. 67538 V.-D$x1
971 ## $ccsilva$d20240912
972 ## $e0$z0$d20241011$viquintas
973 ## $canasil$d20240923
Etiqueta de registo: 00254nam 2200025 450
001 2183547
003 http://id.bnportugal.gov.pt/bib/catbnp/2183547
010 ## $a978-989-786-837-5
021 ## $aPT$b510008/23
100 ## $a20240912d2023 c y0pory01030103ba
101 1# $apor
102 ## $aPT
105 ## $aa z 000yy
106 ## $ar
200 1# $aHappytown.$hVol. 31,$iQue calor!$fil. Lia Gómez$gtrad. Teresa Figueira
210 #9 $a[S.l.]$cAtlântico Press,$dcop. 2023
215 ## $a15 p.$cil.$d27 cm
675 ## $a087.5$vBN$zpor$3287999
675 ## $a502.12(0.053.5)$vBN$zpor$31416221
702 #1 $aGómez,$bLia$4440$31894070
702 #1 $aAugusto,$bTeresa$4730$3901711
801 #0 $aPT$bBN$gRPC
856 41 $uhttp://rnod.bnportugal.gov.pt/ImagesBN/winlibimg.aspx?skey=&doc=2183547&img=198690&save=true
900 ## $aBIBNAC$d20241011
966 ## $lBN$mFGMON$sP. 67537 V.$x1
966 ## $lBN$mFGMON$sP. 67537 V.-D$x1
971 ## $ccsilva$d20240912
972 ## $e0$z0$d20241011$viquintas
973 ## $cmlsousa$d20240924
Etiqueta de registo: 00254nam 2200025 450
001 2183531
003 http://id.bnportugal.gov.pt/bib/catbnp/2183531
010 ## $a978-989-786-836-8
021 ## $aPT$b510007/23
100 ## $a20240912d2023 c y0pory01030103ba
101 1# $apor
102 ## $aPT
105 ## $aa z 000yy
106 ## $ar
200 1# $aHappytown.$hVol. 30,$iViva a Cris!$fil. Lia Gómez$gtrad. Teresa Figueira
210 #9 $a[S.l.]$cAtlântico Press,$dcop. 2023
215 ## $a15 p.$cil.$d27 cm
675 ## $a087.5$vBN$zpor$3287999
675 ## $a502.12(0.053.5)$vBN$zpor$31416221
702 #1 $aGómez,$bLia$4440$31894070
702 #1 $aAugusto,$bTeresa$4730$3901711
801 #0 $aPT$bBN$gRPC
856 41 $uhttp://rnod.bnportugal.gov.pt/ImagesBN/winlibimg.aspx?skey=&doc=2183531&img=198689&save=true
900 ## $aBIBNAC$d20241011
966 ## $lBN$mFGMON$sP. 67536 V.$x1
966 ## $lBN$mFGMON$sP. 67536 V.-D$x1
971 ## $ccsilva$d20240912
972 ## $e0$z0$d20241011$viquintas
973 ## $cmlsousa$d20240924
Etiqueta de registo: 00254nam 2200025 450
001 2183529
003 http://id.bnportugal.gov.pt/bib/catbnp/2183529
010 ## $a978-989-786-835-1
021 ## $aPT$b510006/23
100 ## $a20240912d2023 c y0pory01030103ba
101 1# $apor
102 ## $aPT
105 ## $aa z 000fy
106 ## $ar
200 1# $aHappytown.$hVol. 29,$iUm passeio de bicicleta$fil. Lia Gómez$gtrad. Teresa Figueira
210 #9 $a[S.l.]$cAtlântico Press,$dcop. 2023
215 ## $a15 p.$cil.$d27 cm
675 ## $a087.5$vBN$zpor$3287999
675 ## $a502.12(0.053.5)$vBN$zpor$31416221
702 #1 $aGómez,$bLia$4440$31894070
702 #1 $aAugusto,$bTeresa$4730$3901711
801 #0 $aPT$bBN$gRPC
856 41 $uhttp://rnod.bnportugal.gov.pt/ImagesBN/winlibimg.aspx?skey=&doc=2183529&img=198395&save=true
900 ## $aBIBNAC$d20241011
966 ## $lBN$mFGMON$sP. 67535 V.$x1
966 ## $lBN$mFGMON$sP. 67535 V.-D$x1
971 ## $ccsilva$d20240912
972 ## $e0$z0$d20241011$viquintas
973 ## $cacosta$d20240918
Etiqueta de registo: 00254nam 2200025 450
001 2183527
003 http://id.bnportugal.gov.pt/bib/catbnp/2183527
010 ## $a978-989-786-834-4
021 ## $aPT$b510005/23
100 ## $a20240912d2023 c y0pory01030103ba
101 1# $apor
102 ## $aPT
105 ## $aa z 000fy
106 ## $ar
200 1# $aHappytown.$hVol. 28,$iApanhem o ladrão!$fil. Lia Gómez$gtrad. Teresa Figueira
210 #9 $a[S.l.]$cAtlântico Press,$dcop. 2023
215 ## $a15 p.$cil.$d27 cm
675 ## $a087.5$vBN$zpor$3287999
675 ## $a502.12(0.053.5)$vBN$zpor$31416221
702 #1 $aGómez,$bLia$4440$31894070
702 #1 $aAugusto,$bTeresa$4730$3901711
801 #0 $aPT$bBN$gRPC
856 41 $uhttp://rnod.bnportugal.gov.pt/ImagesBN/winlibimg.aspx?skey=&doc=2183527&img=198394&save=true
900 ## $aBIBNAC$d20241011
966 ## $lBN$mFGMON$sP. 67534 V.$x1
966 ## $lBN$mFGMON$sP. 67534 V.-D$x1
971 ## $ccsilva$d20240912
972 ## $e0$z0$d20241011$viquintas
973 ## $ctrodrigues$d20240918
Etiqueta de registo: 00254nam 2200025 450
001 2183524
003 http://id.bnportugal.gov.pt/bib/catbnp/2183524
010 ## $a978-989-786-833-7
021 ## $aPT$b510004/23
100 ## $a20240912d2023 c y0pory01030103ba
101 1# $apor
102 ## $aPT
105 ## $aa z 000fy
106 ## $ar
200 1# $aHappytown.$hVol. 27,$iVisita de estudo com o Óscar$fil. Lia Gómez$gtrad. Teresa Figueira
210 #9 $a[S.l.]$cAtlântico Press,$dcop. 2023
215 ## $a15 p.$cil.$d27 cm
675 ## $a087.5$vBN$zpor$3287999
675 ## $a502.12(0.053.5)$vBN$zpor$31416221
702 #1 $aGómez,$bLia$4440$31894070
702 #1 $aAugusto,$bTeresa$4730$3901711
801 #0 $aPT$bBN$gRPC
856 41 $uhttp://rnod.bnportugal.gov.pt/ImagesBN/winlibimg.aspx?skey=&doc=2183524&img=198298&save=true
900 ## $aBIBNAC$d20241011
966 ## $lBN$mFGMON$sP. 67533 V.$x1
966 ## $lBN$mFGMON$sP. 67533 V.-D$x1
971 ## $ccsilva$d20240912
972 ## $e0$z0$d20241011$viquintas
973 ## $cacosta$d20240917
Etiqueta de registo: 00254nam 2200025 450
001 2183518
003 http://id.bnportugal.gov.pt/bib/catbnp/2183518
010 ## $a978-989-786-832-0
021 ## $aPT$b510003/23
100 ## $a20240912d2023 c y0pory01030103ba
101 1# $apor
102 ## $aPT
105 ## $aa z 000fy
106 ## $ar
200 1# $aHappytown.$hVol. 26,$iPortas abertas (III)$fil. Lia Gómez$gtrad. Teresa Figueira
210 #9 $a[S.l.]$cAtlântico Press,$dcop. 2023
215 ## $a15 p.$cil.$d27 cm
675 ## $a087.5$vBN$zpor$3287999
675 ## $a502.12(0.053.5)$vBN$zpor$31416221
702 #1 $aGómez,$bLia$4440$31894070
702 #1 $aAugusto,$bTeresa$4730$3901711
801 #0 $aPT$bBN$gRPC
856 41 $uhttp://rnod.bnportugal.gov.pt/ImagesBN/winlibimg.aspx?skey=&doc=2183518&img=198688&save=true
900 ## $aBIBNAC$d20241011
966 ## $lBN$mFGMON$sP. 67532 V.$x1
966 ## $lBN$mFGMON$sP. 67532 V.-D$x1
971 ## $ccsilva$d20240912
972 ## $e0$z0$d20241011$viquintas
973 ## $cmlsousa$d20240924
Etiqueta de registo: 00254nam 2200025 450
001 2183516
003 http://id.bnportugal.gov.pt/bib/catbnp/2183516
010 ## $a978-989-786-831-3
021 ## $aPT$b510002/23
100 ## $a20240912d2023 c y0pory01030103ba
101 1# $apor
102 ## $aPT
105 ## $aa z 000yy
106 ## $ar
200 1# $aHappytown.$hVol. 25,$iPortas abertas (II)$fil. Lia Gómez$gtrad. Teresa Figueira
210 #9 $a[S.l.]$cAtlântico Press,$dcop. 2023
215 ## $a15 p.$cil.$d27 cm
675 ## $a087.5$vBN$zpor$3287999
675 ## $a502.12(0.053.5)$vBN$zpor$31416221
702 #1 $aGómez,$bLia$4440$31894070
702 #1 $aAugusto,$bTeresa$4730$3901711
801 #0 $aPT$bBN$gRPC
856 41 $uhttp://rnod.bnportugal.gov.pt/ImagesBN/winlibimg.aspx?skey=&doc=2183516&img=198623&save=true
900 ## $aBIBNAC$d20241011
966 ## $lBN$mFGMON$sP. 67531 V.$x1
966 ## $lBN$mFGMON$sP. 67531 V.-D$x1
971 ## $ccsilva$d20240912
972 ## $e0$z0$d20241011$viquintas
973 ## $canasil$d20240923
Etiqueta de registo: 00254nam 2200025 450
001 2183513
003 http://id.bnportugal.gov.pt/bib/catbnp/2183513
010 ## $a978-989-786-830-6
021 ## $aPT$b510001/23
100 ## $a20240912d2023 c y0pory01030103ba
101 1# $apor
102 ## $aPT
105 ## $aa z 000fy
106 ## $ar
200 1# $aHappytown.$hVol. 24,$iPortas abertas (I)$fil. Lia Gómez$gtrad. Teresa Figueira
210 #9 $a[S.l.]$cAtlântico Press,$dcop. 2023
215 ## $a15 p.$cil.$d27 cm
675 ## $a087.5$vBN$zpor$3287999
675 ## $a502.12(0.053.5)$vBN$zpor$31416221
702 #1 $aGómez,$bLia$4440$31894070
702 #1 $aAugusto,$bTeresa$4730$3901711
801 #0 $aPT$bBN$gRPC
856 41 $uhttp://rnod.bnportugal.gov.pt/ImagesBN/winlibimg.aspx?skey=&doc=2183513&img=198393&save=true
900 ## $aBIBNAC$d20241011
966 ## $lBN$mFGMON$sP. 67530 V.$x1
966 ## $lBN$mFGMON$sP. 67530 V.-D$x1
971 ## $ccsilva$d20240912
972 ## $e0$z0$d20241011$viquintas
973 ## $ctrodrigues$d20240918
Etiqueta de registo: 00254nam 2200025 450
001 2183511
003 http://id.bnportugal.gov.pt/bib/catbnp/2183511
010 ## $a978-989-786-829-0
021 ## $aPT$b510000/23
100 ## $a20240912d2023 c y0pory01030103ba
101 1# $apor
102 ## $aPT
105 ## $aa z 000yy
106 ## $ar
200 1# $aHappytown.$hVol. 23,$i O semáforo da Lola$fil. Lia Gómez$gtrad. Teresa Figueira
210 #9 $a[S.l.]$cAtlântico Press,$dcop. 2023
215 ## $a15 p.$cil.$d27 cm
675 ## $a087.5$vBN$zpor$3287999
675 ## $a502.12(0.053.5)$vBN$zpor$31416221
702 #1 $aGómez,$bLia$4440$31894070
702 #1 $aAugusto,$bTeresa$4730$3901711
801 #0 $aPT$bBN$gRPC
856 41 $uhttp://rnod.bnportugal.gov.pt/ImagesBN/winlibimg.aspx?skey=&doc=2183511&img=198622&save=true
900 ## $aBIBNAC$d20241011
966 ## $lBN$mFGMON$sP. 67529 V.$x1
966 ## $lBN$mFGMON$sP. 67529 V.-D$x1
971 ## $ccsilva$d20240912
972 ## $e0$z0$d20241011$viquintas
973 ## $canasil$d20240923
Etiqueta de registo: 00254nam 2200025 450
001 2183685
003 http://id.bnportugal.gov.pt/bib/catbnp/2183685
010 ## $a978-989-786-846-7
021 ## $aPT$b510017/23
100 ## $a20240913d2023 c y0pory01030103ba
101 1# $apor
102 ## $aPT
105 ## $aa z 000fy
106 ## $ar
200 1# $aHappytown.$hVol. 40,$iÀ espera do autocarro$fil. Lia Gómez$gtrad. Teresa Figueira
210 #9 $a[S.l.]$cAtlântico Press,$dcop. 2023
215 ## $a15 p.$cil.$d27 cm
675 ## $a087.5$vBN$zpor$3287999
675 ## $a502.12(0.053.5)$vBN$zpor$31416221
702 #1 $aGómez,$bLia$4440$31894070
702 #1 $aAugusto,$bTeresa$4730$3901711
801 #0 $aPT$bBN$gRPC
856 41 $uhttp://rnod.bnportugal.gov.pt/ImagesBN/winlibimg.aspx?skey=&doc=2183685&img=198692&save=true
900 ## $aBIBNAC$d20241015
966 ## $lBN$mFGMON$sP. 67546 V.$x1
966 ## $lBN$mFGMON$sP. 67546 V.-D$x1
971 ## $ccsilva$d20240913
972 ## $e0$z0$d20241015$viquintas
973 ## $cmlsousa$d20240924
Etiqueta de registo: 00254nam 2200025 450
001 2183647
003 http://id.bnportugal.gov.pt/bib/catbnp/2183647
010 ## $a978-989-786-845-0
021 ## $aPT$b510016/23
100 ## $a20240913d2023 c y0pory01030103ba
101 1# $apor
102 ## $aPT
105 ## $aa z 000yy
106 ## $ar
200 1# $aHappytown.$hVol. 39,$iChega a tempestade$fil. Lia Gómez$gtrad. Teresa Figueira
210 #9 $a[S.l.]$cAtlântico Press,$dcop. 2023
215 ## $a15 p.$cil.$d27 cm
675 ## $a087.5$vBN$zpor$3287999
675 ## $a502.12(0.053.5)$vBN$zpor$31416221
702 #1 $aGómez,$bLia$4440$31894070
702 #1 $aAugusto,$bTeresa$4730$3901711
801 #0 $aPT$bBN$gRPC
856 41 $uhttp://rnod.bnportugal.gov.pt/ImagesBN/winlibimg.aspx?skey=&doc=2183647&img=198627&save=true
900 ## $aBIBNAC$d20241015
966 ## $lBN$mFGMON$sP. 67545 V.$x1
966 ## $lBN$mFGMON$sP. 67545 V.-D$x1
971 ## $ccsilva$d20240913
972 ## $e0$z0$d20241015$viquintas
973 ## $canasil$d20240923
Etiqueta de registo: 00254nam 2200025 450
001 2183643
003 http://id.bnportugal.gov.pt/bib/catbnp/2183643
010 ## $a978-989-786-844-3
021 ## $aPT$b510015/23
100 ## $a20240913d2023 c y0pory01030103ba
101 1# $apor
102 ## $aPT
105 ## $aa z 000fy
106 ## $ar
200 1# $aHappytown.$hVol. 38,$iColónia de férias$fil. Lia Gómez$gtrad. Teresa Figueira
210 #9 $a[S.l.]$cAtlântico Press,$dcop. 2023
215 ## $a15 p.$cil.$d27 cm
675 ## $a087.5$vBN$zpor$3287999
675 ## $a502.12(0.053.5)$vBN$zpor$31416221
702 #1 $aGómez,$bLia$4440$31894070
702 #1 $aAugusto,$bTeresa$4730$3901711
801 #0 $aPT$bBN$gRPC
856 41 $uhttp://rnod.bnportugal.gov.pt/ImagesBN/winlibimg.aspx?skey=&doc=2183643&img=198626&save=true
900 ## $aBIBNAC$d20241015
966 ## $lBN$mFGMON$sP. 67544 V.$x1
966 ## $lBN$mFGMON$sP. 67544 V.-D$x1
971 ## $ccsilva$d20240913
972 ## $e0$z0$d20241015$viquintas
973 ## $canasil$d20240923
Etiqueta de registo: 00254nam 2200025 450
001 2183642
003 http://id.bnportugal.gov.pt/bib/catbnp/2183642
010 ## $a978-989-786-843-6
021 ## $aPT$b510014/23
100 ## $a20240913d2023 c y0pory01030103ba
101 1# $apor
102 ## $aPT
105 ## $aa z 000fy
106 ## $ar
200 1# $aHappytown.$hVol. 37,$i O vento na cara$fil. Lia Gómez$gtrad. Teresa Figueira
210 #9 $a[S.l.]$cAtlântico Press,$dcop. 2023
215 ## $a15 p.$cil.$d27 cm
675 ## $a087.5$vBN$zpor$3287999
675 ## $a502.12(0.053.5)$vBN$zpor$31416221
702 #1 $aGómez,$bLia$4440$31894070
702 #1 $aAugusto,$bTeresa$4730$3901711
801 #0 $aPT$bBN$gRPC
856 41 $uhttp://rnod.bnportugal.gov.pt/ImagesBN/winlibimg.aspx?skey=&doc=2183642&img=198398&save=true
900 ## $aBIBNAC$d20241015
966 ## $lBN$mFGMON$sP. 67543 V.$x1
966 ## $lBN$mFGMON$sP. 67543 V.-D$x1
971 ## $ccsilva$d20240913
972 ## $e0$z0$d20241015$viquintas
973 ## $ctrodrigues$d20240918
Etiqueta de registo: 00254nam 2200025 450
001 2183637
003 http://id.bnportugal.gov.pt/bib/catbnp/2183637
010 ## $a978-989-786-842-9
021 ## $aPT$b510013/23
100 ## $a20240913d2023 c y0pory01030103ba
101 1# $apor
102 ## $aPT
105 ## $aa z 000fy
106 ## $ar
200 1# $aHappytown.$hVol. 36,$i A rulote vegana$fil. Lia Gómez$gtrad. Teresa Figueira
210 #9 $a[S.l.]$cAtlântico Press,$dcop. 2023
215 ## $a15 p.$cil.$d27 cm
675 ## $a087.5$vBN$zpor$3287999
675 ## $a502.12(0.053.5)$vBN$zpor$31416221
702 #1 $aGómez,$bLia$4440$31894070
702 #1 $aAugusto,$bTeresa$4730$3901711
801 #0 $aPT$bBN$gRPC
856 41 $uhttp://rnod.bnportugal.gov.pt/ImagesBN/winlibimg.aspx?skey=&doc=2183637&img=198313&save=true
900 ## $aBIBNAC$d20241015
966 ## $lBN$mFGMON$sP. 67542 V.$x1
966 ## $lBN$mFGMON$sP. 67542 V.-D$x1
971 ## $ccsilva$d20240913
972 ## $e0$z0$d20241015$viquintas
973 ## $cacosta$d20240917
Etiqueta de registo: 00254nam 2200025 450
001 2183635
003 http://id.bnportugal.gov.pt/bib/catbnp/2183635
010 ## $a978-989-786-841-2
021 ## $aPT$b510012/23
100 ## $a20240913d2023 c y0pory01030103ba
101 1# $apor
102 ## $aPT
105 ## $aa z 000fy
106 ## $ar
200 1# $aHappytown.$hVol. 35,$iCinema verde (II)$fil. Lia Gómez$gtrad. Teresa Figueira
210 #9 $a[S.l.]$cAtlântico Press,$dcop. 2023
215 ## $a15 p.$cil.$d27 cm
675 ## $a087.5$vBN$zpor$3287999
675 ## $a502.12(0.053.5)$vBN$zpor$31416221
702 #1 $aGómez,$bLia$4440$31894070
702 #1 $aAugusto,$bTeresa$4730$3901711
801 #0 $aPT$bBN$gRPC
856 41 $uhttp://rnod.bnportugal.gov.pt/ImagesBN/winlibimg.aspx?skey=&doc=2183635&img=198312&save=true
900 ## $aBIBNAC$d20241015
966 ## $lBN$mFGMON$sP. 67541 V.$x1
966 ## $lBN$mFGMON$sP. 67541 V.-D$x1
971 ## $ccsilva$d20240913
972 ## $e0$z0$d20241015$viquintas
973 ## $cacosta$d20240917
Etiqueta de registo: 00254nam 2200025 450
001 2183627
003 http://id.bnportugal.gov.pt/bib/catbnp/2183627
010 ## $z978-989-786-840-4
021 ## $aPT$b510011/23
100 ## $a20240913d2023 c y0pory01030103ba
101 1# $apor
102 ## $aPT
105 ## $aa z 000fy
106 ## $ar
200 1# $aHappytown.$hVol. 34,$iCinema verde (I)$fil. Lia Gómez$gtrad. Teresa Figueira
210 #9 $a[S.l.]$cAtlântico Press,$dcop. 2023
215 ## $a15 p.$cil.$d27 cm
675 ## $a087.5$vBN$zpor$3287999
675 ## $a502.12(0.053.5)$vBN$zpor$31416221
702 #1 $aGómez,$bLia$4440$31894070
702 #1 $aAugusto,$bTeresa$4730$3901711
801 #0 $aPT$bBN$gRPC
856 41 $uhttp://rnod.bnportugal.gov.pt/ImagesBN/winlibimg.aspx?skey=&doc=2183627&img=198397&save=true
900 ## $aBIBNAC$d20241015
966 ## $lBN$mFGMON$sP. 67540 V.$x1
966 ## $lBN$mFGMON$sP. 67540 V.-D$x1
971 ## $ccsilva$d20240913
972 ## $e0$z0$d20241015$viquintas
973 ## $ctrodrigues$d20240918
Etiqueta de registo: 00254nam 2200025 450
001 2203192
003 http://id.bnportugal.gov.pt/bib/catbnp/2203192
010 ## $a978-989-571-316-5
021 ## $aPT$b531811/24
100 ## $a20250120d2024 m y0pory01030103ba
101 1# $apor
102 ## $aPT
105 ## $aa z 000yy
106 ## $ar
200 1# $a A energia das pedras.$hVol. 9,$iTurritella$ftextos Lia Gómez$ged. Sílvia Vallejo$gtrad. Teresa Souto
210 #9 $a[S.l.]$cAtlântico Press,$dcop. 2024
215 ## $a15 p.$cil.$d27 cm
675 ## $a615.85(035)$vBN$zpor$3876340
675 ## $a549.6(035)$vBN$zpor$31943270
675 ## $a133.2(035)$vBN$zpor$31224801
700 #1 $aGómez,$bLia$31894070
702 #1 $aVallejo,$bSílvia$4340$31941887
702 #1 $aSouto,$bTeresa Ana,$f1959-$4730$31187722
801 #0 $aPT$bBN$gRPC
856 41 $uhttp://rnod.bnportugal.gov.pt/ImagesBN/winlibimg.aspx?skey=&doc=2203192&img=203996&save=true
900 ## $aBIBNAC$d20250225
966 ## $lBN$mFGMON$sS.A. 189882 V.$x1
966 ## $lBN$mFGMON$sS.A. 189882 V.-D$x1
971 ## $ccsilva$d20250120
972 ## $e0$z0$d20250225$vasantos
973 ## $cmlsousa$d20250131
Etiqueta de registo: 00254nam 2200025 450
001 2203188
003 http://id.bnportugal.gov.pt/bib/catbnp/2203188
010 ## $a978-989-571-317-2
021 ## $aPT$b531812/24
100 ## $a20250120d2024 m y0pory01030103ba
101 1# $apor
102 ## $aPT
105 ## $aa z 000yy
106 ## $ar
200 1# $a A energia das pedras.$hVol. 8,$iPedra-da-lua$ftextos Lia Gómez$ged. Sílvia Vallejo$gtrad. Teresa Souto
210 #9 $a[S.l.]$cAtlântico Press,$dcop. 2024
215 ## $a15 p.$cil.$d27 cm
675 ## $a615.85(035)$vBN$zpor$3876340
675 ## $a549.6(035)$vBN$zpor$31943270
675 ## $a133.2(035)$vBN$zpor$31224801
700 #1 $aGómez,$bLia$31894070
702 #1 $aVallejo,$bSílvia$4340$31941887
702 #1 $aSouto,$bTeresa Ana,$f1959-$4730$31187722
801 #0 $aPT$bBN$gRPC
856 41 $uhttp://rnod.bnportugal.gov.pt/ImagesBN/winlibimg.aspx?skey=&doc=2203188&img=203995&save=true
900 ## $aBIBNAC$d20250225
966 ## $lBN$mFGMON$sS.A. 189881 V.$x1
966 ## $lBN$mFGMON$sS.A. 189881 V.-D$x1
971 ## $ccsilva$d20250120
972 ## $e0$z0$d20250225$vasantos
973 ## $cmlsousa$d20250131
Etiqueta de registo: 00254nam 2200025 450
001 2203185
003 http://id.bnportugal.gov.pt/bib/catbnp/2203185
010 ## $a978-989-571-314-1
021 ## $aPT$b531809/24
100 ## $a20250120d2024 m y0pory01030103ba
101 1# $apor
102 ## $aPT
105 ## $aa z 000yy
106 ## $ar
200 1# $a A energia das pedras.$hVol. 7,$iQuartzo rosa$ftextos Lia Gómez$ged. Sílvia Vallejo$gtrad. Teresa Souto
210 #9 $a[S.l.]$cAtlântico Press,$dcop. 2024
215 ## $a15 p.$cil.$d27 cm
675 ## $a615.85(035)$vBN$zpor$3876340
675 ## $a549.6(035)$vBN$zpor$31943270
675 ## $a133.2(035)$vBN$zpor$31224801
700 #1 $aGómez,$bLia$31894070
702 #1 $aVallejo,$bSílvia$4340$31941887
702 #1 $aSouto,$bTeresa Ana,$f1959-$4730$31187722
801 #0 $aPT$bBN$gRPC
856 41 $uhttp://rnod.bnportugal.gov.pt/ImagesBN/winlibimg.aspx?skey=&doc=2203185&img=203994&save=true
900 ## $aBIBNAC$d20250225
966 ## $lBN$mFGMON$sS.A. 189880 V.$x1
966 ## $lBN$mFGMON$sS.A. 189880 V.-D$x1
971 ## $ccsilva$d20250120
972 ## $e0$z0$d20250225$vasantos
973 ## $cmlsousa$d20250131
Etiqueta de registo: 00254nam 2200025 450
001 2203180
003 http://id.bnportugal.gov.pt/bib/catbnp/2203180
010 ## $a978-989-571-313-4
021 ## $aPT$b531808/24
100 ## $a20250120d2024 m y0pory01030103ba
101 1# $apor
102 ## $aPT
105 ## $aa z 000yy
106 ## $ar
200 1# $a A energia das pedras.$hVol. 6,$iÓnix preto$ftextos Lia Gómez$ged. Sílvia Vallejo$gtrad. Teresa Souto
210 #9 $a[S.l.]$cAtlântico Press,$dcop. 2024
215 ## $a15 p.$cil.$d27 cm
675 ## $a615.85(035)$vBN$zpor$3876340
675 ## $a549.6(035)$vBN$zpor$31943270
675 ## $a133.2(035)$vBN$zpor$31224801
700 #1 $aGómez,$bLia$31894070
702 #1 $aVallejo,$bSílvia$4340$31941887
702 #1 $aSouto,$bTeresa Ana,$f1959-$4730$31187722
801 #0 $aPT$bBN$gRPC
856 41 $uhttp://rnod.bnportugal.gov.pt/ImagesBN/winlibimg.aspx?skey=&doc=2203180&img=203993&save=true
900 ## $aBIBNAC$d20250225
966 ## $lBN$mFGMON$sS.A. 189879 V.$x1
966 ## $lBN$mFGMON$sS.A. 189879 V.-D$x1
971 ## $ccsilva$d20250120
972 ## $e0$z0$d20250225$vasantos
973 ## $cmlsousa$d20250131
Etiqueta de registo: 00254nam 2200025 450
001 2203179
003 http://id.bnportugal.gov.pt/bib/catbnp/2203179
010 ## $a978-989-571-312-7
021 ## $aPT$b531807/24
100 ## $a20250120d2024 m y0pory01030103ba
101 1# $apor
102 ## $aPT
105 ## $aa z 000yy
106 ## $ar
200 1# $a A energia das pedras.$hVol. 5,$iCornalina$ftextos Lia Gómez$ged. Sílvia Vallejo$gtrad. Teresa Souto
210 #9 $a[S.l.]$cAtlântico Press,$dcop. 2024
215 ## $a15 p.$cil.$d27 cm
675 ## $a615.85(035)$vBN$zpor$3876340
675 ## $a549.6(035)$vBN$zpor$31943270
675 ## $a133.2(035)$vBN$zpor$31224801
700 #1 $aGómez,$bLia$31894070
702 #1 $aVallejo,$bSílvia$4340$31941887
702 #1 $aSouto,$bTeresa Ana,$f1959-$4730$31187722
801 #0 $aPT$bBN$gRPC
856 41 $uhttp://rnod.bnportugal.gov.pt/ImagesBN/winlibimg.aspx?skey=&doc=2203179&img=203992&save=true
900 ## $aBIBNAC$d20250225
966 ## $lBN$mFGMON$sS.A. 189878 V.$x1
966 ## $lBN$mFGMON$sS.A. 189878 V.-D$x1
971 ## $ccsilva$d20250120
972 ## $e0$z0$d20250225$vasantos
973 ## $cmlsousa$d20250131
Etiqueta de registo: 00254nam 2200025 450
001 2203178
003 http://id.bnportugal.gov.pt/bib/catbnp/2203178
010 ## $a978-989-571-311-0
021 ## $aPT$b531806/24
100 ## $a20250120d2024 m y0pory01030103ba
101 1# $apor
102 ## $aPT
105 ## $aa z 000yy
106 ## $ar
200 1# $a A energia das pedras.$hVol. 4,$iÁgata azul$ftextos Lia Gómez$ged. Sílvia Vallejo$gtrad. Teresa Souto
210 #9 $a[S.l.]$cAtlântico Press,$dcop. 2024
215 ## $a15 p.$cil.$d27 cm
675 ## $a615.85(035)$vBN$zpor$3876340
675 ## $a549.6(035)$vBN$zpor$31943270
675 ## $a133.2(035)$vBN$zpor$31224801
700 #1 $aGómez,$bLia$31894070
702 #1 $aVallejo,$bSílvia$4340$31941887
702 #1 $aSouto,$bTeresa Ana,$f1959-$4730$31187722
801 #0 $aPT$bBN$gRPC
856 41 $uhttp://rnod.bnportugal.gov.pt/ImagesBN/winlibimg.aspx?skey=&doc=2203178&img=203991&save=true
900 ## $aBIBNAC$d20250225
966 ## $lBN$mFGMON$sS.A. 189877 V.$x1
966 ## $lBN$mFGMON$sS.A. 189877 V.-D$x1
971 ## $ccsilva$d20250120
972 ## $e0$z0$d20250225$vasantos
973 ## $cmlsousa$d20250131
Etiqueta de registo: 00254nam 2200025 450
001 2203177
003 http://id.bnportugal.gov.pt/bib/catbnp/2203177
010 ## $a978-989-571-310-3
021 ## $aPT$b531805/24
100 ## $a20250120d2024 m y0pory01030103ba
101 1# $apor
102 ## $aPT
105 ## $aa z 000yy
106 ## $ar
200 1# $a A energia das pedras.$hVol. 3,$iJadeíte$ftextos Lia Gómez$ged. Sílvia Vallejo$gtrad. Teresa Souto
210 #9 $a[S.l.]$cAtlântico Press,$dcop. 2024
215 ## $a15 p.$cil.$d27 cm
675 ## $a615.85(035)$vBN$zpor$3876340
675 ## $a549.6(035)$vBN$zpor$31943270
675 ## $a133.2(035)$vBN$zpor$31224801
700 #1 $aGómez,$bLia$31894070
702 #1 $aVallejo,$bSílvia$4340$31941887
702 #1 $aSouto,$bTeresa Ana,$f1959-$4730$31187722
801 #0 $aPT$bBN$gRPC
856 41 $uhttp://rnod.bnportugal.gov.pt/ImagesBN/winlibimg.aspx?skey=&doc=2203177&img=203990&save=true
900 ## $aBIBNAC$d20250225
966 ## $lBN$mFGMON$sS.A. 189876 V.$x1
966 ## $lBN$mFGMON$sS.A. 189876 V.-D$x1
971 ## $ccsilva$d20250120
972 ## $e0$z0$d20250225$vasantos
973 ## $cmlsousa$d20250131
Etiqueta de registo: 00254nam 2200025 450
001 2203175
003 http://id.bnportugal.gov.pt/bib/catbnp/2203175
010 ## $a978-989-571-309-7
021 ## $aPT$b531804/24
100 ## $a20250120d2024 m y0pory01030103ba
101 1# $apor
102 ## $aPT
105 ## $aa z 000yy
106 ## $ar
200 1# $a A energia das pedras.$hVol. 2,$iLápis-lazúli$ftextos Lia Gómez$ged. Sílvia Vallejo$gtrad. Teresa Souto
210 #9 $a[S.l.]$cAtlântico Press,$dcop. 2024
215 ## $a15 p.$cil.$d27 cm
675 ## $a615.85(035)$vBN$zpor$3876340
675 ## $a549.6(035)$vBN$zpor$31943270
675 ## $a133.2(035)$vBN$zpor$31224801
700 #1 $aGómez,$bLia$31894070
702 #1 $aVallejo,$bSílvia$4340$31941887
702 #1 $aSouto,$bTeresa Ana,$f1959-$4730$31187722
801 #0 $aPT$bBN$gRPC
856 41 $uhttp://rnod.bnportugal.gov.pt/ImagesBN/winlibimg.aspx?skey=&doc=2203175&img=203989&save=true
900 ## $aBIBNAC$d20250225
966 ## $lBN$mFGMON$sS.A. 189875 V.$x1
966 ## $lBN$mFGMON$sS.A. 189875 V.-D$x1
971 ## $ccsilva$d20250120
972 ## $e0$z0$d20250225$vasantos
973 ## $cmlsousa$d20250131
Etiqueta de registo: 00254nam 2200025 450
001 2203173
003 http://id.bnportugal.gov.pt/bib/catbnp/2203173
010 ## $a978-989-571-308-0
021 ## $aPT$b531803/24
100 ## $a20250120d2024 m y0pory01030103ba
101 1# $apor
102 ## $aPT
105 ## $aa z 000yy
106 ## $ar
200 1# $a A energia das pedras.$hVol. 1,$iAmetista$ftextos Lia Gómez$ged. Sílvia Vallejo$gtrad. Teresa Souto
210 #9 $a[S.l.]$cAtlântico Press,$dcop. 2024
215 ## $a15 p.$cil.$d27 cm
675 ## $a615.85(035)$vBN$zpor$3876340
675 ## $a549.6(035)$vBN$zpor$31943270
675 ## $a133.2(035)$vBN$zpor$31224801
700 #1 $aGómez,$bLia$31894070
702 #1 $aVallejo,$bSílvia$4340$31941887
702 #1 $aSouto,$bTeresa Ana,$f1959-$4730$31187722
801 #0 $aPT$bBN$gRPC
856 41 $uhttp://rnod.bnportugal.gov.pt/ImagesBN/winlibimg.aspx?skey=&doc=2203173&img=203988&save=true
900 ## $aBIBNAC$d20250225
966 ## $lBN$mFGMON$sS.A. 189874 V.$x1
966 ## $lBN$mFGMON$sS.A. 189874 V.-D$x1
971 ## $ccsilva$d20250120
972 ## $e0$z0$d20250225$vasantos
973 ## $cmlsousa$d20250131
Etiqueta de registo: 00254nam 2200025 450
001 2203306
003 http://id.bnportugal.gov.pt/bib/catbnp/2203306
010 ## $a978-989-571-320-2
021 ## $aPT$b531815/24
100 ## $a20250121d2024 m y0pory01030103ba
101 1# $apor
102 ## $aPT
105 ## $aa z 000yy
106 ## $ar
200 1# $a A energia das pedras.$hVol. 13,$iGranada$ftextos Lia Gómez$ged. Sílvia Vallejo$gtrad. Teresa Souto
210 #9 $a[S.l.]$cAtlântico Press,$dcop. 2024
215 ## $a15 p.$cil.$d27 cm
675 ## $a615.85(035)$vBN$zpor$3876340
675 ## $a549.6(035)$vBN$zpor$31943270
675 ## $a133.2(035)$vBN$zpor$31224801
700 #1 $aGómez,$bLia$31894070
702 #1 $aVallejo,$bSílvia$4340$31941887
702 #1 $aSouto,$bTeresa Ana,$f1959-$4730$31187722
801 #0 $aPT$bBN$gRPC
856 41 $uhttp://rnod.bnportugal.gov.pt/ImagesBN/winlibimg.aspx?skey=&doc=2203306&img=204003&save=true
900 ## $aBIBNAC$d20250225
966 ## $lBN$mFGMON$sS.A. 189886 V.$x1
966 ## $lBN$mFGMON$sS.A. 189886 V.-D$x1
971 ## $ccsilva$d20250121
972 ## $e0$z0$d20250225$vasantos
973 ## $cmlsousa$d20250131
Etiqueta de registo: 00254nam 2200025 450
001 2203299
003 http://id.bnportugal.gov.pt/bib/catbnp/2203299
010 ## $a978-989-571-319-6
021 ## $aPT$b531814/24
100 ## $a20250121d2024 m y0pory01030103ba
101 1# $apor
102 ## $aPT
105 ## $aa z 000yy
106 ## $ar
200 1# $a A energia das pedras.$hVol. 12,$iLepidolite$ftextos Lia Gómez$ged. Sílvia Vallejo$gtrad. Teresa Souto
210 #9 $a[S.l.]$cAtlântico Press,$dcop. 2024
215 ## $a15 p.$cil.$d27 cm
675 ## $a615.85(035)$vBN$zpor$3876340
675 ## $a549.6(035)$vBN$zpor$31943270
675 ## $a133.2(035)$vBN$zpor$31224801
700 #1 $aGómez,$bLia$31894070
702 #1 $aVallejo,$bSílvia$4340$31941887
702 #1 $aSouto,$bTeresa Ana,$f1959-$4730$31187722
801 #0 $aPT$bBN$gRPC
856 41 $uhttp://rnod.bnportugal.gov.pt/ImagesBN/winlibimg.aspx?skey=&doc=2203299&img=204001&save=true
900 ## $aBIBNAC$d20250225
966 ## $lBN$mFGMON$sS.A. 189885 V.$x1
966 ## $lBN$mFGMON$sS.A. 189885 V.-D$x1
971 ## $ccsilva$d20250121
972 ## $e0$z0$d20250225$vasantos
973 ## $cmlsousa$d20250131
Etiqueta de registo: 00254nam 2200025 450
001 2203296
003 http://id.bnportugal.gov.pt/bib/catbnp/2203296
010 ## $a978-989-571-318-9
021 ## $aPT$b531813/24
100 ## $a20250121d2024 m y0pory01030103ba
101 1# $apor
102 ## $aPT
105 ## $aa z 000yy
106 ## $ar
200 1# $a A energia das pedras.$hVol. 11,$iAmazonite$ftextos Lia Gómez$ged. Sílvia Vallejo$gtrad. Teresa Souto
210 #9 $a[S.l.]$cAtlântico Press,$dcop. 2024
215 ## $a15 p.$cil.$d27 cm
675 ## $a615.85(035)$vBN$zpor$3876340
675 ## $a549.6(035)$vBN$zpor$31943270
675 ## $a133.2(035)$vBN$zpor$31224801
700 #1 $aGómez,$bLia$31894070
702 #1 $aVallejo,$bSílvia$4340$31941887
702 #1 $aSouto,$bTeresa Ana,$f1959-$4730$31187722
801 #0 $aPT$bBN$gRPC
856 41 $uhttp://rnod.bnportugal.gov.pt/ImagesBN/winlibimg.aspx?skey=&doc=2203296&img=204000&save=true
900 ## $aBIBNAC$d20250225
966 ## $lBN$mFGMON$sS.A. 189884 V.$x1
966 ## $lBN$mFGMON$sS.A. 189884 V.-D$x1
971 ## $ccsilva$d20250121
972 ## $e0$z0$d20250225$vasantos
973 ## $cmlsousa$d20250131
Etiqueta de registo: 00254nam 2200025 450
001 2203295
003 http://id.bnportugal.gov.pt/bib/catbnp/2203295
010 ## $a978-989-571-315-8
021 ## $aPT$b531810/24
100 ## $a20250121d2024 m y0pory01030103ba
101 1# $apor
102 ## $aPT
105 ## $aa z 000yy
106 ## $ar
200 1# $a A energia das pedras.$hVol. 10,$iEsmeralda$ftextos Lia Gómez$ged. Sílvia Vallejo$gtrad. Teresa Souto
210 #9 $a[S.l.]$cAtlântico Press,$dcop. 2024
215 ## $a15 p.$cil.$d27 cm
675 ## $a615.85(035)$vBN$zpor$3876340
675 ## $a549.6(035)$vBN$zpor$31943270
675 ## $a133.2(035)$vBN$zpor$31224801
700 #1 $aGómez,$bLia$31894070
702 #1 $aVallejo,$bSílvia$4340$31941887
702 #1 $aSouto,$bTeresa Ana,$f1959-$4730$31187722
801 #0 $aPT$bBN$gRPC
856 41 $uhttp://rnod.bnportugal.gov.pt/ImagesBN/winlibimg.aspx?skey=&doc=2203295&img=203999&save=true
900 ## $aBIBNAC$d20250225
966 ## $lBN$mFGMON$sS.A. 189883 V.$x1
966 ## $lBN$mFGMON$sS.A. 189883 V.-D$x1
971 ## $ccsilva$d20250121
972 ## $e0$z0$d20250225$vasantos
973 ## $cmlsousa$d20250131
Etiqueta de registo: 00254nam 2200025 450
001 2224178
003 http://id.bnportugal.gov.pt/bib/catbnp/2224178
010 ## $a978-989-571-324-0
021 ## $aPT$b532469/24
100 ## $a20250825d2024 m y0pory01030103ba
101 1# $apor
102 ## $aPT
105 ## $aa z 000yy
106 ## $ar
200 1# $aPedra-do-sol$fLia Gómez$gtrad. Teresa Souto
210 #9 $a[S.l.]$cAtlântico Press,$dD.L. 2024
215 ## $a15 p.$cil.$d27 cm
225 2# $a A energia das pedras$v22
675 ## $a615.85(035)$vBN$zpor$3876340
675 ## $a549.6(035)$vBN$zpor$31943270
675 ## $a133.2(035)$vBN$zpor$31224801
700 #1 $aGómez,$bLia$31894070
702 #1 $aSouto,$bTeresa Ana,$f1959-$4730$31187722
801 #0 $aPT$bBN$gRPC
856 41 $uhttp://rnod.bnportugal.gov.pt/ImagesBN/winlibimg.aspx?skey=&doc=2224178&img=212146&save=true
900 ## $aBIBNAC$d20251001
966 ## $lBN$mFGMON$sS.A. 191711 V.$x1
966 ## $lBN$mFGMON$sS.A. 191711 V.-D$x1
971 ## $cabrito$d20250825
973 ## $cmlsousa$d20250910
975 ## $e0$d20251001$viquintas
Etiqueta de registo: 00254nam 2200025 450
001 2224175
003 http://id.bnportugal.gov.pt/bib/catbnp/2224175
010 ## $a978-989-571-323-3
021 ## $aPT$b532468/24
100 ## $a20250825d2024 m y0pory01030103ba
101 1# $apor
102 ## $aPT
105 ## $aa z 000yy
106 ## $ar
200 1# $aSodalite$ftextos Lia Gómez$gtrad. Teresa Souto
210 #9 $a[S.l.]$cAtlântico Press,$dD.L. 2024
215 ## $a15 p.$cil.$d27 cm
225 2# $a A energia das pedras$v21
675 ## $a615.85(035)$vBN$zpor$3876340
675 ## $a549.6(035)$vBN$zpor$31943270
675 ## $a133.2(035)$vBN$zpor$31224801
700 #1 $aGómez,$bLia$31894070
702 #1 $aSouto,$bTeresa Ana,$f1959-$4730$31187722
801 #0 $aPT$bBN$gRPC
856 41 $uhttp://rnod.bnportugal.gov.pt/ImagesBN/winlibimg.aspx?skey=&doc=2224175&img=212145&save=true
900 ## $aBIBNAC$d20251001
966 ## $lBN$mFGMON$sS.A. 191710 V.$x1
966 ## $lBN$mFGMON$sS.A. 191710 V.-D$x1
971 ## $cabrito$d20250825
973 ## $cmlsousa$d20250909
975 ## $e0$d20251001$viquintas
Etiqueta de registo: 00254nam 2200025 450
001 2224174
003 http://id.bnportugal.gov.pt/bib/catbnp/2224174
010 ## $a978-989-571-340-0
021 ## $aPT$b532480/24
100 ## $a20250825d2024 m y0pory01030103ba
101 1# $apor
102 ## $aPT
105 ## $aa z 000yy
106 ## $ar
200 1# $aOpala$ftextos Lia Gómez$gtrad. Teresa Souto
210 #9 $a[S.l.]$cAtlântico Press,$dD.L. 2024
215 ## $a15 p.$cil.$d27 cm
225 2# $a A energia das pedras$v33
675 ## $a615.85(035)$vBN$zpor$3876340
675 ## $a549.6(035)$vBN$zpor$31943270
675 ## $a133.2(035)$vBN$zpor$31224801
700 #1 $aGómez,$bLia$31894070
702 #1 $aSouto,$bTeresa Ana,$f1959-$4730$31187722
801 #0 $aPT$bBN$gRPC
856 41 $uhttp://rnod.bnportugal.gov.pt/ImagesBN/winlibimg.aspx?skey=&doc=2224174&img=212144&save=true
900 ## $aBIBNAC$d20251001
966 ## $lBN$mFGMON$sS.A. 191722 V.$x1
966 ## $lBN$mFGMON$sS.A. 191722 V.-D$x1
971 ## $casantos$d20250825
973 ## $cmlsousa$d20250910
975 ## $e0$d20251001$viquintas
Etiqueta de registo: 00254nam 2200025 450
001 2224173
003 http://id.bnportugal.gov.pt/bib/catbnp/2224173
010 ## $a978-989-571-329-5
021 ## $aPT$b531822/24
100 ## $a20250825d2024 m y0pory01030103ba
101 1# $apor
102 ## $aPT
105 ## $aa z 000yy
106 ## $ar
200 1# $aOlho-de-tigre$fLia Gómez$gtrad. Teresa Souto
210 #9 $a[S.l.]$cAtlântico Press,$dD.L. 2024
215 ## $a15 p.$cil.$d27 cm
225 2# $a A energia das pedras$v20
675 ## $a615.85(035)$vBN$zpor$3876340
675 ## $a549.6(035)$vBN$zpor$31943270
675 ## $a133.2(035)$vBN$zpor$31224801
700 #1 $aGómez,$bLia$31894070
702 #1 $aSouto,$bTeresa Ana,$f1959-$4730$31187722
801 #0 $aPT$bBN$gRPC
856 41 $uhttp://rnod.bnportugal.gov.pt/ImagesBN/winlibimg.aspx?skey=&doc=2224173&img=212143&save=true
900 ## $aBIBNAC$d20251001
966 ## $lBN$mFGMON$sS.A. 191709 V.$x1
966 ## $lBN$mFGMON$sS.A. 191709 V.-D$x1
971 ## $cabrito$d20250825
973 ## $cmlsousa$d20250909
975 ## $e0$d20251001$viquintas
Etiqueta de registo: 00254nam 2200025 450
001 2224172
003 http://id.bnportugal.gov.pt/bib/catbnp/2224172
010 ## $a978-989-571-339-4
021 ## $aPT$b532479/24
100 ## $a20250825d2024 m y0pory01030103ba
101 1# $apor
102 ## $aPT
105 ## $aa z 000yy
106 ## $ar
200 1# $aCalcite$ftextos Lia Gómez$gtrad. Teresa Souto
210 #9 $a[S.l.]$cAtlântico Press,$dD.L. 2024
215 ## $a15 p.$cil.$d27 cm
225 2# $a A energia das pedra$v32
675 ## $a615.85(035)$vBN$zpor$3876340
675 ## $a549.74(035)$vBN$zpor$31965924
675 ## $a133.2(035)$vBN$zpor$31224801
700 #1 $aGómez,$bLia$31894070
702 #1 $aSouto,$bTeresa Ana,$f1959-$4730$31187722
801 #0 $aPT$bBN$gRPC
856 41 $uhttp://rnod.bnportugal.gov.pt/ImagesBN/winlibimg.aspx?skey=&doc=2224172&img=212142&save=true
900 ## $aBIBNAC$d20251001
966 ## $lBN$mFGMON$sS.A. 191721 V.$x1
966 ## $lBN$mFGMON$sS.A. 191721 V.-D$x1
971 ## $casantos$d20250825
973 ## $cmlsousa$d20250910
975 ## $e0$d20251001$viquintas
Etiqueta de registo: 00254nam 2200025 450
001 2224171
003 http://id.bnportugal.gov.pt/bib/catbnp/2224171
010 ## $a978-989-571-338-7
021 ## $aPT$b532478/24
100 ## $a20250825d2024 m y0pory01030103ba
101 1# $apor
102 ## $aPT
105 ## $aa z 000yy
106 ## $ar
200 1# $aTurmalina preta$ftextos Lia Gómez$gtrad. Teresa Souto
210 #9 $a[S.l.]$cAtlântico Press,$dD.L. 2024
215 ## $a15 p.$cil.$d27 cm
225 2# $a A energia das pedras$v31
675 ## $a615.85(035)$vBN$zpor$3876340
675 ## $a549.6(035)$vBN$zpor$31943270
675 ## $a133.2(035)$vBN$zpor$31224801
700 #1 $aGómez,$bLia$31894070
702 #1 $aSouto,$bTeresa Ana,$f1959-$4730$31187722
801 #0 $aPT$bBN$gRPC
856 41 $uhttp://rnod.bnportugal.gov.pt/ImagesBN/winlibimg.aspx?skey=&doc=2224171&img=212141&save=true
900 ## $aBIBNAC$d20251001
966 ## $lBN$mFGMON$sS.A. 191720 V.$x1
966 ## $lBN$mFGMON$sS.A. 191720 V.-D$x1
971 ## $casantos$d20250825
973 ## $cmlsousa$d20250909
975 ## $e0$d20251001$viquintas
Etiqueta de registo: 00254nam 2200025 450
001 2224169
003 http://id.bnportugal.gov.pt/bib/catbnp/2224169
010 ## $a978-989-571-328-8
021 ## $aPT$b531821/24
100 ## $a20250825d2024 m y0pory01030103ba
101 1# $apor
102 ## $aPT
105 ## $aa z 000yy
106 ## $ar
200 1# $aZoisite$fLia Gómez$gtrad. Teresa Souto
210 #9 $a[S.l.]$cAtlântico Press,$dD.L. 2024
215 ## $a15 p.$cil.$d27 cm
225 2# $a A energia das pedras$v19
675 ## $a615.85(035)$vBN$zpor$3876340
675 ## $a549.6(035)$vBN$zpor$31943270
675 ## $a133.2(035)$vBN$zpor$31224801
700 #1 $aGómez,$bLia$31894070
702 #1 $aSouto,$bTeresa Ana,$f1959-$4730$31187722
801 #0 $aPT$bBN$gRPC
856 41 $uhttp://rnod.bnportugal.gov.pt/ImagesBN/winlibimg.aspx?skey=&doc=2224169&img=212140&save=true
900 ## $aBIBNAC$d20251001
966 ## $lBN$mFGMON$sS.A. 191708 V.$x1
966 ## $lBN$mFGMON$sS.A. 191708 V.-D$x1
971 ## $cabrito$d20250825
973 ## $cmlsousa$d20250909
975 ## $e0$d20251001$viquintas
Etiqueta de registo: 00254nam 2200025 450
001 2224167
003 http://id.bnportugal.gov.pt/bib/catbnp/2224167
010 ## $a978-989-571-327-1
021 ## $aPT$b531820/24
100 ## $a20250825d2024 m y0pory01030103ba
101 0# $apor
102 ## $aPT
105 ## $aa z 000yy
106 ## $ar
200 1# $aFluorite$fLia Gómez$gtrad. Teresa Souto
210 #9 $a[S.l.]$cAtlântico Press,$dD.L. 2024
215 ## $a15 p.$cil.$d27 cm
225 2# $a A energia das pedras$v18
675 ## $a615.85(035)$vBN$zpor$3876340
675 ## $a133.2(035)$vBN$zpor$31224801
675 ## $a549.45(035)$vBN$zpor$31965838
700 #1 $aGómez,$bLia$31894070
702 #1 $aSouto,$bTeresa Ana,$f1959-$4730$31187722
801 #0 $aPT$bBN$gRPC
856 41 $uhttp://rnod.bnportugal.gov.pt/ImagesBN/winlibimg.aspx?skey=&doc=2224167&img=212139&save=true
900 ## $aBIBNAC$d20251001
966 ## $lBN$mFGMON$sS.A. 191707 V.$x1
966 ## $lBN$mFGMON$sS.A. 191707 V.-D$x1
971 ## $cabrito$d20250825
973 ## $cmlsousa$d20250909
975 ## $e0$d20251001$viquintas
Etiqueta de registo: 00254nam 2200025 450
001 2224165
003 http://id.bnportugal.gov.pt/bib/catbnp/2224165
010 ## $a978-989-571-325-7
021 ## $aPT$b531818/24
100 ## $a20250825d2024 m y0pory01030103ba
101 1# $apor
102 ## $aPT
105 ## $aa z 000yy
106 ## $ar
200 1# $aCalcedónia azul$fLia Gómez$gtrad. Teresa Souto
210 #9 $a[S.l.]$cAtlântico Press,$dD.L. 2024
215 ## $a15 p.$cil.$d27 cm
225 2# $a A energia das pedras$v16
675 ## $a615.85(035)$vBN$zpor$3876340
675 ## $a549.6(035)$vBN$zpor$31943270
675 ## $a133.2(035)$vBN$zpor$31224801
700 #1 $aGómez,$bLia$31894070
702 #1 $aSouto,$bTeresa Ana,$f1959-$4730$31187722
801 #0 $aPT$bBN$gRPC
856 41 $uhttp://rnod.bnportugal.gov.pt/ImagesBN/winlibimg.aspx?skey=&doc=2224165&img=212138&save=true
900 ## $aBIBNAC$d20251001
966 ## $lBN$mFGMON$sS.A. 191705 V.$x1
966 ## $lBN$mFGMON$sS.A. 191705 V.-D$x1
971 ## $cabrito$d20250825
973 ## $cmlsousa$d20250910
975 ## $e0$d20251001$viquintas
Etiqueta de registo: 00254nam 2200025 450
001 2224159
003 http://id.bnportugal.gov.pt/bib/catbnp/2224159
010 ## $a978-989-571-337-0
021 ## $aPT$b532477/25
100 ## $a20250825d2024 m y0pory01030103ba
101 1# $apor
102 ## $aPT
105 ## $aa z 000yy
106 ## $ar
200 1# $aCrisocola$ftextos Lia Gómez$gtrad. Teresa Souto
210 #9 $a[S.l.]$cAtlântico Press,$dD.L. 2024
215 ## $a15 p.$cil.$d27 cm
225 2# $a A energia das pedras$v30
675 ## $a615.85(035)$vBN$zpor$3876340
675 ## $a549.6(035)$vBN$zpor$31943270
675 ## $a133.2(035)$vBN$zpor$31224801
700 #1 $aGómez,$bLia$31894070
702 #1 $aSouto,$bTeresa Ana,$f1959-$4730$31187722
801 #0 $aPT$bBN$gRPC
856 41 $uhttp://rnod.bnportugal.gov.pt/ImagesBN/winlibimg.aspx?skey=&doc=2224159&img=212136&save=true
900 ## $aBIBNAC$d20251001
966 ## $lBN$mFGMON$sS.A. 191719 V.$x1
966 ## $lBN$mFGMON$sS.A. 191719 V.-D$x1
971 ## $casantos$d20250825
973 ## $cmlsousa$d20250910
975 ## $e0$d20251001$viquintas
Etiqueta de registo: 00254nam 2200025 450
001 2224124
003 http://id.bnportugal.gov.pt/bib/catbnp/2224124
010 ## $a978-989-571-336-3
021 ## $aPT$b532476/24
100 ## $a20250825d2024 m y0pory01030103ba
101 1# $apor
102 ## $aPT
105 ## $aa z 000yy
106 ## $ar
200 1# $aAventurina$ftextos Lia Gómez$gtrad. Teresa Souto
210 #9 $a[S.l.]$cAtlântico Press,$dD.L. 2024
215 ## $a15 p.$cil.$d27 cm
225 2# $a A energia das pedras$v29
675 ## $a615.85(035)$vBN$zpor$3876340
675 ## $a549.6(035)$vBN$zpor$31943270
675 ## $a133.2(035)$vBN$zpor$31224801
700 #1 $aGómez,$bLia$31894070
702 #1 $aSouto,$bTeresa Ana,$f1959-$4730$31187722
801 #0 $aPT$bBN$gRPC
856 41 $uhttp://rnod.bnportugal.gov.pt/ImagesBN/winlibimg.aspx?skey=&doc=2224124&img=212125&save=true
900 ## $aBIBNAC$d20251001
966 ## $lBN$mFGMON$sS.A. 191718 V.$x1
966 ## $lBN$mFGMON$sS.A. 191718 V.-D$x1
971 ## $casantos$d20250825
973 ## $cmlsousa$d20250910
975 ## $e0$d20251001$viquintas
Etiqueta de registo: 00254nam 2200025 450
001 2224118
003 http://id.bnportugal.gov.pt/bib/catbnp/2224118
010 ## $a978-989-571-322-6
021 ## $aPT$b531817/24
100 ## $a20250825d2024 m y0pory01030103ba
101 1# $apor
102 ## $aPT
105 ## $aa z 000yy
106 ## $ar
200 1# $aRodonite$ftextos Lia Gómez$gtrad. Teresa Souto
210 #9 $a[S.l.]$cAtlântico Press,$dD.L. 2024
215 ## $a15 p.$cil.$d27 cm
225 2# $a A energia das pedras$v15
675 ## $a615.85(035)$vBN$zpor$3876340
675 ## $a549.6(035)$vBN$zpor$31943270
675 ## $a133.2(035)$vBN$zpor$31224801
700 #1 $aGómez,$bLia$31894070
702 #1 $aSouto,$bTeresa Ana,$f1959-$4730$31187722
801 #0 $aPT$bBN$gRPC
856 41 $uhttp://rnod.bnportugal.gov.pt/ImagesBN/winlibimg.aspx?skey=&doc=2224118&img=212124&save=true
900 ## $aBIBNAC$d20251001
966 ## $lBN$mFGMON$sS.A. 191704 V.$x1
966 ## $lBN$mFGMON$sS.A. 191704 V.-D$x1
971 ## $casantos$d20250825
973 ## $cmlsousa$d20250910
975 ## $e0$d20251001$viquintas
Etiqueta de registo: 00254nam 2200025 450
001 2224096
003 http://id.bnportugal.gov.pt/bib/catbnp/2224096
010 ## $a978-989-571-334-9
021 ## $aPT$b532474/24
100 ## $a20250825d2024 m y0pory01030103ba
101 1# $apor
102 ## $aPT
105 ## $aa z 000yy
106 ## $ar
200 1# $aQuartzo citrino$ftextos Lia Gómez$gtrad. Teresa Souto
210 #9 $a[S.l.]$cAtlântico Press,$dcop. 2024
215 ## $a15 p.$cil.$d27 cm
225 2# $a A energia das pedras$v27
675 ## $a615.85(035)$vBN$zpor$3876340
675 ## $a549.6(035)$vBN$zpor$31943270
675 ## $a133.2(035)$vBN$zpor$31224801
700 #1 $aGómez,$bLia$31894070
702 #1 $aSouto,$bTeresa Ana,$f1959-$4730$31187722
801 #0 $aPT$bBN$gRPC
856 41 $uhttp://rnod.bnportugal.gov.pt/ImagesBN/winlibimg.aspx?skey=&doc=2224096&img=212119&save=true
900 ## $aBIBNAC$d20251001
966 ## $lBN$mFGMON$sS.A. 191716 V.$x1
966 ## $lBN$mFGMON$sS.A. 191716 V.-D$x1
971 ## $corlando$d20250825
973 ## $cmlsousa$d20250910
975 ## $e0$d20251001$viquintas
Etiqueta de registo: 00254nam 2200025 450
001 2224092
003 http://id.bnportugal.gov.pt/bib/catbnp/2224092
010 ## $a978-989-571-333-2
021 ## $aPT$b532473/24
100 ## $a20250825d2024 m y0pory01030103ba
101 1# $apor
102 ## $aPT
105 ## $aa z 000yy
106 ## $ar
200 1# $aRodocrosite$ftextos Lia Gómez$gtrad. Teresa Souto
210 #9 $a[S.l.]$cAtlântico Press,$dcop. 2024
215 ## $a15 p.$cil.$d27 cm
225 2# $a A energia das pedras$v26
675 ## $a615.85(035)$vBN$zpor$3876340
675 ## $a549.74(035)$vBN$zpor$31965924
675 ## $a133.2(035)$vBN$zpor$31224801
700 #1 $aGómez,$bLia$31894070
702 #1 $aSouto,$bTeresa Ana,$f1959-$4730$31187722
801 #0 $aPT$bBN$gRPC
856 41 $uhttp://rnod.bnportugal.gov.pt/ImagesBN/winlibimg.aspx?skey=&doc=2224092&img=212118&save=true
900 ## $aBIBNAC$d20251001
966 ## $lBN$mFGMON$sS.A. 191715 V.$x1
966 ## $lBN$mFGMON$sS.A. 191715 V.-D$x1
971 ## $corlando$d20250825
973 ## $cmlsousa$d20250910
975 ## $e0$d20251001$viquintas
Etiqueta de registo: 00254nam 2200025 450
001 2224090
003 http://id.bnportugal.gov.pt/bib/catbnp/2224090
010 ## $a978-989-571-332-5
021 ## $aPT$b531472/24
100 ## $a20250825d2024 m y0pory01030103ba
101 1# $apor
102 ## $aPT
105 ## $aa z 000yy
106 ## $ar
200 1# $aPirite$ftextos Lia Gómez$gtrad. Teresa Souto
210 #9 $a[S.l.]$cAtlântico Press,$dcop. 2024
215 ## $a15 p.$cil.$d27 cm
225 2# $a A energia das pedras$v25
675 ## $a615.85(035)$vBN$zpor$3876340
675 ## $a549.32/.33(035)$vBN$zpor$31965841
675 ## $a133.2(035)$vBN$zpor$31224801
700 #1 $aGómez,$bLia$31894070
702 #1 $aSouto,$bTeresa Ana,$f1959-$4730$31187722
801 #0 $aPT$bBN$gRPC
856 41 $uhttp://rnod.bnportugal.gov.pt/ImagesBN/winlibimg.aspx?skey=&doc=2224090&img=212117&save=true
900 ## $aBIBNAC$d20251001
966 ## $lBN$mFGMON$sS.A. 191714 V.$x1
966 ## $lBN$mFGMON$sS.A. 191714 V.-D$x1
971 ## $corlando$d20250825
973 ## $cmlsousa$d20250909
975 ## $e0$d20251001$viquintas
Etiqueta de registo: 00254nam 2200025 450
001 2224081
003 http://id.bnportugal.gov.pt/bib/catbnp/2224081
010 ## $a978-989-571-331-8
021 ## $aPT$b531471/24
100 ## $a20250825d2024 m y0pory01030103ba
101 1# $apor
102 ## $aPT
105 ## $aa z 000yy
106 ## $ar
200 1# $aMagnesite$ftextos Lia Gómez$gtrad. Teresa Souto
210 #9 $a[S.l.]$cAtlântico Press,$dcop. 2024
215 ## $a15 p.$cil.$d27 cm
225 2# $a A energia das pedras$v24
675 ## $a615.85(035)$vBN$zpor$3876340
675 ## $a549.74(035)$vBN$zpor$31965924
675 ## $a133.2(035)$vBN$zpor$31224801
700 #1 $aGómez,$bLia$31894070
702 #1 $aSouto,$bTeresa Ana,$f1959-$4730$31187722
801 #0 $aPT$bBN$gRPC
856 41 $uhttp://rnod.bnportugal.gov.pt/ImagesBN/winlibimg.aspx?skey=&doc=2224081&img=212116&save=true
900 ## $aBIBNAC$d20251001
966 ## $lBN$mFGMON$sS.A. 191713 V.$x1
966 ## $lBN$mFGMON$sS.A. 191713 V.-D$x1
971 ## $corlando$d20250825
973 ## $cmlsousa$d20250910
975 ## $e0$d20251001$viquintas
Etiqueta de registo: 00254nam 2200025 450
001 2224076
003 http://id.bnportugal.gov.pt/bib/catbnp/2224076
010 ## $a978-989-571-326-4
021 ## $aPT$b531819/24
100 ## $a20250825d2024 m y0pory01030103ba
101 1# $apor
102 ## $aPT
105 ## $aa z 000yy
106 ## $ar
200 1# $aJaspe vermelho$ftextos Lia Gómez$gtrad. Teresa Souto
210 #9 $a[S.l.]$cAtlântico Press,$dcop. 2024
215 ## $a15 p.$cil.$d27 cm
225 2# $a A energia das pedras$v17
675 ## $a615.85(035)$vBN$zpor$3876340
675 ## $a549.6(035)$vBN$zpor$31943270
675 ## $a133.2(035)$vBN$zpor$31224801
700 #1 $aGómez,$bLia$31894070
702 #1 $aSouto,$bTeresa Ana,$f1959-$4730$31187722
801 #0 $aPT$bBN$gRPC
856 41 $uhttp://rnod.bnportugal.gov.pt/ImagesBN/winlibimg.aspx?skey=&doc=2224076&img=212115&save=true
900 ## $aBIBNAC$d20251001
966 ## $lBN$mFGMON$sS.A. 191706 V.$x1
966 ## $lBN$mFGMON$sS.A. 191706 V.-D$x1
971 ## $corlando$d20250825
973 ## $cmlsousa$d20250910
975 ## $e0$d20251001$viquintas
Etiqueta de registo: 00254nam 2200025 450
001 2224218
003 http://id.bnportugal.gov.pt/bib/catbnp/2224218
010 ## $a978-989-571-342-4
021 ## $aPT$b532482/24
100 ## $a20250826d2024 m y0pory01030103ba
101 1# $apor
102 ## $aPT
105 ## $aa z 000yy
106 ## $ar
200 1# $aLeopardite$gtextos Lia Gómez$gtrad. Teresa Souto
210 #9 $a[S.l.]$cAtlântico Press,$dD.L. 2024
215 ## $a15 p.$cil.$d27 cm
225 2# $a A energia das pedra$v35
675 ## $a615.85(035)$vBN$zpor$3876340
675 ## $a133.2(035)$vBN$zpor$31224801
675 ## $a549.6(035)$vBN$zpor$31943270
700 #1 $aGómez,$bLia$31894070
702 #1 $aSouto,$bTeresa Ana,$f1959-$4730$31187722
801 #0 $aPT$bBN$gRPC
856 41 $uhttp://rnod.bnportugal.gov.pt/ImagesBN/winlibimg.aspx?skey=&doc=2224218&img=212151&save=true
900 ## $aBIBNAC$d20251001
966 ## $lBN$mFGMON$sS.A. 191724 V.$x1
966 ## $lBN$mFGMON$sS.A. 191724 V.-D$x1
971 ## $cisantos$d20250826
973 ## $cmlsousa$d20250909
975 ## $e0$d20251001$viquintas
Etiqueta de registo: 00254nam 2200025 450
001 2224217
003 http://id.bnportugal.gov.pt/bib/catbnp/2224217
010 ## $a978-989-571-343-1
021 ## $aPT$b532483/24
100 ## $a20250826d2024 m y0pory01030103ba
101 1# $apor
102 ## $aPT
105 ## $aa z 000yy
106 ## $ar
200 1# $aDumortierite$gtextos Lia Gómez$gtrad. Teresa Souto
210 #9 $a[S.l.]$cAtlântico Press,$dD.L. 2024
215 ## $a15 p.$cil.$d27 cm
225 2# $a A energia das pedra$v36
675 ## $a615.85(035)$vBN$zpor$3876340
675 ## $a549.6(035)$vBN$zpor$31943270
675 ## $a133.2(035)$vBN$zpor$31224801
700 #1 $aGómez,$bLia$31894070
702 #1 $aSouto,$bTeresa Ana,$f1959-$4730$31187722
801 #0 $aPT$bBN$gRPC
856 41 $uhttp://rnod.bnportugal.gov.pt/ImagesBN/winlibimg.aspx?skey=&doc=2224217&img=212150&save=true
900 ## $aBIBNAC$d20251001
966 ## $lBN$mFGMON$sS.A. 191725 V.$x1
966 ## $lBN$mFGMON$sS.A. 191725 V.-D$x1
971 ## $cisantos$d20250826
973 ## $cmlsousa$d20250909
975 ## $e0$d20251001$viquintas
Etiqueta de registo: 00254nam 2200025 450
001 2224216
003 http://id.bnportugal.gov.pt/bib/catbnp/2224216
010 ## $a978-989-571-341-7
021 ## $aPT$b532481/24
100 ## $a20250826d2024 m y0pory01030103ba
101 1# $apor
102 ## $aPT
105 ## $aa z 000yy
106 ## $ar
200 1# $aHematite$gtextos Lia Gómez$gtrad. Teresa Souto
210 #9 $a[S.l.]$cAtlântico Press,$dD.L. 2024
215 ## $a15 p.$cil.$d27 cm
225 2# $a A energia das pedra$v34
675 ## $a615.85(035)$vBN$zpor$3876340
675 ## $a549.51(035)$vBN$zpor$31965933
675 ## $a133.2(035)$vBN$zpor$31224801
700 #1 $aGómez,$bLia$31894070
702 #1 $aSouto,$bTeresa Ana,$f1959-$4730$31187722
801 #0 $aPT$bBN$gRPC
856 41 $uhttp://rnod.bnportugal.gov.pt/ImagesBN/winlibimg.aspx?skey=&doc=2224216&img=212149&save=true
900 ## $aBIBNAC$d20251001
966 ## $lBN$mFGMON$sS.A. 191723 V.$x1
966 ## $lBN$mFGMON$sS.A. 191723 V.-D$x1
971 ## $cisantos$d20250826
973 ## $cmlsousa$d20250910
975 ## $e0$d20251001$viquintas
Etiqueta de registo: 00254nam 2200025 450
001 2224215
003 http://id.bnportugal.gov.pt/bib/catbnp/2224215
010 ## $a978-989-571-330-1
021 ## $aPT$b532470/24
100 ## $a20250826d2024 m y0pory01030103ba
101 1# $apor
102 ## $aPT
105 ## $aa z 000yy
106 ## $ar
200 1# $aLabradorite$gtextos Lia Gómez$gtrad. Teresa Souto
210 #9 $a[S.l.]$cAtlântico Press,$dD.L. 2024
215 ## $a15 p.$cil.$d27 cm
225 2# $a A energia das pedra$v23
675 ## $a615.85(035)$vBN$zpor$3876340
675 ## $a549.6(035)$vBN$zpor$31943270
675 ## $a133.2(035)$vBN$zpor$31224801
700 #1 $aGómez,$bLia$31894070
702 #1 $aSouto,$bTeresa Ana,$f1959-$4730$31187722
801 #0 $aPT$bBN$gRPC
856 41 $uhttp://rnod.bnportugal.gov.pt/ImagesBN/winlibimg.aspx?skey=&doc=2224215&img=212148&save=true
900 ## $aBIBNAC$d20251001
966 ## $lBN$mFGMON$sS.A. 191712 V.$x1
966 ## $lBN$mFGMON$sS.A. 191712 V.-D$x1
971 ## $cisantos$d20250826
973 ## $cmlsousa$d20250909
975 ## $e0$d20251001$viquintas
Etiqueta de registo: 00254nam 2200025 450
001 2224214
003 http://id.bnportugal.gov.pt/bib/catbnp/2224214
010 ## $a978-989-571-344-8
021 ## $aPT$b532484/24
100 ## $a20250826d2024 m y0pory01030103ba
101 1# $apor
102 ## $aPT
105 ## $aa z 000yy
106 ## $ar
200 1# $aFucsite$gtextos Lia Gómez$gtrad. Teresa Souto
210 #9 $a[S.l.]$cAtlântico Press,$dD.L. 2024
215 ## $a15 p.$cil.$d27 cm
225 2# $a A energia das pedra$v37
675 ## $a615.85(035)$vBN$zpor$3876340
675 ## $a549.6(035)$vBN$zpor$31943270
675 ## $a133.2(035)$vBN$zpor$31224801
700 #1 $aGómez,$bLia$31894070
702 #1 $aSouto,$bTeresa Ana,$f1959-$4730$31187722
801 #0 $aPT$bBN$gRPC
856 41 $uhttp://rnod.bnportugal.gov.pt/ImagesBN/winlibimg.aspx?skey=&doc=2224214&img=212147&save=true
900 ## $aBIBNAC$d20251001
966 ## $lBN$mFGMON$sS.A. 191726 V.$x1
966 ## $lBN$mFGMON$sS.A. 191726 V.-D$x1
971 ## $cisantos$d20250826
973 ## $cmlsousa$d20250909
975 ## $e0$d20251001$viquintas
Etiqueta de registo: 00254nam 2200025 450
001 2224150
003 http://id.bnportugal.gov.pt/bib/catbnp/2224150
010 ## $a978-989-571-349-3
021 ## $aPT$b532488/24
100 ## $a20250825d2024 m y0pory01030103ba
101 1# $apor
102 ## $aPT
105 ## $aa z 000yy
106 ## $ar
200 1# $aXilopala$ftextos Lia Gómez$gpesquisa Héctor Rodriguez$gtrad. Teresa Souto
210 #9 $a[S.l.]$cAtlântico Press,$dD.L. 2024
215 ## $a15 p.$cil.$d27 cm
225 2# $a A energia das pedras$v41
675 ## $a615.85(035)$vBN$zpor$3876340
675 ## $a549.6(035)$vBN$zpor$31943270
675 ## $a133.2(035)$vBN$zpor$31224801
700 #1 $aGómez,$bLia$31894070
702 #1 $aUroz Rodríguez,$bHéctor$4205$31266744
702 #1 $aSouto,$bTeresa Ana,$f1959-$4730$31187722
801 #0 $aPT$bBN$gRPC
856 41 $uhttp://rnod.bnportugal.gov.pt/ImagesBN/winlibimg.aspx?skey=&doc=2224150&img=212134&save=true
900 ## $aBIBNAC$d20251001
966 ## $lBN$mFGMON$sS.A. 191730 V.$x1
966 ## $lBN$mFGMON$sS.A. 191730 V.-D$x1
971 ## $cssilva$d20250825
973 ## $cmlsousa$d20250909
975 ## $e0$d20251001$viquintas
Etiqueta de registo: 00254nam 2200025 450
001 2224149
003 http://id.bnportugal.gov.pt/bib/catbnp/2224149
010 ## $a978-989-571-345-5
021 ## $aPT$b532485/24
100 ## $a20250825d2024 m y0pory01030103ba
101 1# $apor
102 ## $aPT
105 ## $aa z 000yy
106 ## $ar
200 1# $aShunguite$ftextos Lia Gómez$gpesquisa Héctor Gómez$gtrad. Teresa Souto
210 #9 $a[S.l.]$cAtlântico Press,$dD.L. 2024
215 ## $a15 p.$cil.$d27 cm
225 2# $a A energia das pedras$v38
675 ## $a615.85(035)$vBN$zpor$3876340
675 ## $a549.21(035)$vBN$zpor$31965805
675 ## $a133.2(035)$vBN$zpor$31224801
700 #1 $aGómez,$bLia$31894070
702 #1 $aUroz Rodríguez,$bHéctor$4205$31266744
702 #1 $aSouto,$bTeresa Ana,$f1959-$4730$31187722
801 #0 $aPT$bBN$gRPC
856 41 $uhttp://rnod.bnportugal.gov.pt/ImagesBN/winlibimg.aspx?skey=&doc=2224149&img=212133&save=true
900 ## $aBIBNAC$d20251001
966 ## $lBN$mFGMON$sS.A. 191727 V.$x1
966 ## $lBN$mFGMON$sS.A. 191727 V.-D$x1
971 ## $cssilva$d20250825
973 ## $cmlsousa$d20250909
975 ## $e0$d20251001$viquintas
Etiqueta de registo: 00254nam 2200025 450
001 2224148
003 http://id.bnportugal.gov.pt/bib/catbnp/2224148
010 ## $a978-989-571-348-6
021 ## $aPT$b532487/24
100 ## $a20250825d2024 m y0pory01030103ba
101 1# $apor
102 ## $aPT
105 ## $aa z 000yy
106 ## $ar
200 1# $aÁgata lilás$ftextos Lia Gómez$gpesquisa Héctor Rodriguez$gtrad. Teresa Souto
210 #9 $a[S.l.]$cAtlântico Press,$dD.L. 2024
215 ## $a15 p.$cil.$d27 cm
225 2# $a A energia das pedras$v40
675 ## $a615.85(035)$vBN$zpor$3876340
675 ## $a549.6(035)$vBN$zpor$31943270
675 ## $a133.2(035)$vBN$zpor$31224801
700 #1 $aGómez,$bLia$31894070
702 #1 $aUroz Rodríguez,$bHéctor$4205$31266744
702 #1 $aSouto,$bTeresa Ana,$f1959-$4730$31187722
801 #0 $aPT$bBN$gRPC
856 41 $uhttp://rnod.bnportugal.gov.pt/ImagesBN/winlibimg.aspx?skey=&doc=2224148&img=212132&save=true
900 ## $aBIBNAC$d20251001
966 ## $lBN$mFGMON$sS.A. 191729 V.$x1
966 ## $lBN$mFGMON$sS.A. 191729 V.-D$x1
971 ## $cssilva$d20250825
973 ## $cmlsousa$d20250909
975 ## $e0$d20251001$viquintas
Etiqueta de registo: 00254nam 2200025 450
001 2224145
003 http://id.bnportugal.gov.pt/bib/catbnp/2224145
010 ## $a978-989-571-346-2
021 ## $aPT$b532486/24
100 ## $a20250825d2024 m y0pory01030103ba
101 1# $apor
102 ## $aPT
105 ## $aa z 000yy
106 ## $ar
200 1# $aUnaquite$ftextos Lia Gómez$gpesquisa Héctor Rodriguez$gtrad. Teresa Souto
210 #9 $a[S.l.]$cAtlântico Press,$dD.L. 2024
215 ## $a15 p.$cil.$d27 cm
225 2# $a A energia das pedras$v39
675 ## $a615.85(035)$vBN$zpor$3876340
675 ## $a552.4(035)$vBN$zpor$31965777
675 ## $a133.2(035)$vBN$zpor$31224801
700 #1 $aGómez,$bLia$31894070
702 #1 $aUroz Rodríguez,$bHéctor$4205$31266744
702 #1 $aSouto,$bTeresa Ana,$f1959-$4730$31187722
801 #0 $aPT$bBN$gRPC
856 41 $uhttp://rnod.bnportugal.gov.pt/ImagesBN/winlibimg.aspx?skey=&doc=2224145&img=212130&save=true
900 ## $aBIBNAC$d20251001
966 ## $lBN$mFGMON$sS.A. 191728 V.$x1
966 ## $lBN$mFGMON$sS.A. 191728 V.-D$x1
971 ## $cssilva$d20250825
973 ## $cmlsousa$d20250909
975 ## $e0$d20251001$viquintas
Etiqueta de registo: 00254nam 2200025 450
001 2224144
003 http://id.bnportugal.gov.pt/bib/catbnp/2224144
010 ## $a978-989-571-321-9
021 ## $aPT$b531816/24
100 ## $a20250825d2024 m y0pory01030103ba
101 1# $apor
102 ## $aPT
105 ## $aa z 000yy
106 ## $ar
200 1# $aCristal de quartzo$ftextos Lia Gómez$gpesquisa Héctor Rodriguez$gtrad. Teresa Souto
210 #9 $a[S.l.]$cAtlântico Press,$dD.L. 2024
215 ## $a15 p.$cil.$d27 cm
225 2# $a A energia das pedras$v14
675 ## $a615.85(035)$vBN$zpor$3876340
675 ## $a549.6(035)$vBN$zpor$31943270
675 ## $a133.2(035)$vBN$zpor$31224801
700 #1 $aGómez,$bLia$31894070
702 #1 $aUroz Rodríguez,$bHéctor$4205$31266744
702 #1 $aSouto,$bTeresa Ana,$f1959-$4730$31187722
801 #0 $aPT$bBN$gRPC
856 41 $uhttp://rnod.bnportugal.gov.pt/ImagesBN/winlibimg.aspx?skey=&doc=2224144&img=212129&save=true
900 ## $aBIBNAC$d20251001
966 ## $lBN$mFGMON$sS.A. 191703 V.$x1
966 ## $lBN$mFGMON$sS.A. 191703 V.-D$x1
971 ## $cssilva$d20250825
973 ## $cmlsousa$d20250909
975 ## $e0$d20251001$viquintas
Etiqueta de registo: 00254nam 2200025 450
001 2233542
003 http://id.bnportugal.gov.pt/bib/catbnp/2233542
010 ## $a978-989-571-371-4
021 ## $aPT$b536316/24
100 ## $a20251203d2024 m y0pory01030103ba
101 1# $apor
102 ## $aPT
105 ## $aa z 000yy
106 ## $ar
200 1# $aOlho-de-tigre vermelho$ftextos Lia Gómez$gtrad. Teresa Souto
210 #9 $a[S.l.]$cAtlântico Press,$dD.L. 2024
215 ## $a15 p.$cil.$d27 cm
225 2# $a A energia das pedras$v60
675 ## $a615.85(035)$vBN$zpor$3876340
675 ## $a549.6(035)$vBN$zpor$31943270
675 ## $a133.2(035)$vBN$zpor$31224801
700 #1 $aGómez,$bLia$31894070
702 #1 $aSouto,$bTeresa Ana,$f1959-$4730$31187722
801 #0 $aPT$bBN$gRPC
856 41 $uhttp://rnod.bnportugal.gov.pt/ImagesBN/winlibimg.aspx?skey=&doc=2233542&img=216436&save=true
900 ## $aBIBNAC$d20260106
966 ## $lBN$mFGMON$sS.A. 192473 V.$x1
966 ## $lBN$mFGMON$sS.A. 192473 V.-D$x1
971 ## $cabrito$d20251203
972 ## $e0$z0$d20260106$viquintas
973 ## $cmlsousa$d20251209
Etiqueta de registo: 00254nam 2200025 450
001 2233539
003 http://id.bnportugal.gov.pt/bib/catbnp/2233539
010 ## $a978-989-571-370-7
021 ## $aPT$b536312/24
100 ## $a20251203d2024 m y0pory01030103ba
101 1# $apor
102 ## $aPT
105 ## $aa z 000yy
106 ## $ar
200 1# $aÁgata verde$ftextos Lia Gómez$gtrad. Teresa Souto
210 #9 $a[S.l.]$cAtlântico Press,$dD.L. 2024
215 ## $a15 p.$cil.$d27 cm
225 2# $a A energia das pedras$v59
675 ## $a615.85(035)$vBN$zpor$3876340
675 ## $a549.6(035)$vBN$zpor$31943270
675 ## $a133.2(035)$vBN$zpor$31224801
700 #1 $aGómez,$bLia$31894070
702 #1 $aSouto,$bTeresa Ana,$f1959-$4730$31187722
801 #0 $aPT$bBN$gRPC
856 41 $uhttp://rnod.bnportugal.gov.pt/ImagesBN/winlibimg.aspx?skey=&doc=2233539&img=216434&save=true
900 ## $aBIBNAC$d20260106
966 ## $lBN$mFGMON$sS.A. 192472 V.$x1
966 ## $lBN$mFGMON$sS.A. 192472 V.-D$x1
971 ## $cabrito$d20251203
972 ## $e0$z0$d20260106$viquintas
973 ## $cmlsousa$d20251209
Etiqueta de registo: 00254nam 2200025 450
001 2233537
003 http://id.bnportugal.gov.pt/bib/catbnp/2233537
010 ## $a978-989-571-367-7
021 ## $aPT$b536309/24
100 ## $a20251203d2024 m y0pory01030103ba
101 1# $apor
102 ## $aPT
105 ## $aa z 000yy
106 ## $ar
200 1# $aTurquenite$ftextos Lia Gómez$gtrad. Teresa Souto
210 #9 $a[S.l.]$cAtlântico Press,$dD.L. 2024
215 ## $a15 p.$cil.$d27 cm
225 2# $a A energia das pedras$v56
675 ## $a615.85(035)$vBN$zpor$3876340
675 ## $a549.73(035)$vBN$zpor$31973950
675 ## $a133.2(035)$vBN$zpor$31224801
700 #1 $aGómez,$bLia$31894070
702 #1 $aSouto,$bTeresa Ana,$f1959-$4730$31187722
801 #0 $aPT$bBN$gRPC
856 41 $uhttp://rnod.bnportugal.gov.pt/ImagesBN/winlibimg.aspx?skey=&doc=2233537&img=216433&save=true
900 ## $aBIBNAC$d20260106
966 ## $lBN$mFGMON$sS.A. 192471 V.$x1
966 ## $lBN$mFGMON$sS.A. 192471 V.-D$x1
971 ## $cabrito$d20251203
972 ## $e0$z0$d20260106$viquintas
973 ## $cmlsousa$d20251209
Etiqueta de registo: 00254nam 2200025 450
001 2233535
003 http://id.bnportugal.gov.pt/bib/catbnp/2233535
010 ## $a978-989-571-365-3
021 ## $aPT$b536306/24
100 ## $a20251203d2024 m y0pory01030103ba
101 1# $apor
102 ## $aPT
105 ## $aa z 000yy
106 ## $ar
200 1# $aSelenite$ftextos Lia Gómez$gtrad. Teresa Souto
210 #9 $a[S.l.]$cAtlântico Press,$dD.L. 2024
215 ## $a15 p.$cil.$d27 cm
225 2# $a A energia das pedras$v54
675 ## $a615.85(035)$vBN$zpor$3876340
675 ## $a549.76(035)$vBN$zpor$31973952
675 ## $a133.2(035)$vBN$zpor$31224801
700 #1 $aGómez,$bLia$31894070
702 #1 $aSouto,$bTeresa Ana,$f1959-$4730$31187722
801 #0 $aPT$bBN$gRPC
856 41 $uhttp://rnod.bnportugal.gov.pt/ImagesBN/winlibimg.aspx?skey=&doc=2233535&img=216432&save=true
900 ## $aBIBNAC$d20260106
966 ## $lBN$mFGMON$sS.A. 192470 V.$x1
966 ## $lBN$mFGMON$sS.A. 192470 V.-D$x1
971 ## $cabrito$d20251203
972 ## $e0$z0$d20260106$viquintas
973 ## $cmlsousa$d20251209
Etiqueta de registo: 00254nam 2200025 450
001 2233534
003 http://id.bnportugal.gov.pt/bib/catbnp/2233534
010 ## $a978-989-571-362-2
021 ## $aPT$b536300/24
100 ## $a20251203d2024 m y0pory01030103ba
101 1# $apor
102 ## $aPT
105 ## $aa z 000yy
106 ## $ar
200 1# $aHowlite$ftextos Lia Gómez$gtrad. Teresa Souto
210 #9 $a[S.l.]$cAtlântico Press,$dD.L. 2024
215 ## $a15 p.$cil.$d27 cm
225 2# $a A energia das pedras$v51
675 ## $a615.85(035)$vBN$zpor$3876340
675 ## $a549.73(035)$vBN$zpor$31973950
675 ## $a133.2(035)$vBN$zpor$31224801
700 #1 $aGómez,$bLia$31894070
702 #1 $aSouto,$bTeresa Ana,$f1959-$4730$31187722
801 #0 $aPT$bBN$gRPC
856 41 $uhttp://rnod.bnportugal.gov.pt/ImagesBN/winlibimg.aspx?skey=&doc=2233534&img=216431&save=true
900 ## $aBIBNAC$d20260106
966 ## $lBN$mFGMON$sS.A. 192469 V.$x1
966 ## $lBN$mFGMON$sS.A. 192469 V.-D$x1
971 ## $cabrito$d20251203
972 ## $e0$z0$d20260106$viquintas
973 ## $cmlsousa$d20251209
Etiqueta de registo: 00254nam 2200025 450
001 2233532
003 http://id.bnportugal.gov.pt/bib/catbnp/2233532
010 ## $a978-989-571-361-5
021 ## $aPT$b536299/24
100 ## $a20251203d2024 m y0pory01030103ba
101 1# $apor
102 ## $aPT
105 ## $aa z 000yy
106 ## $ar
200 1# $aObsidiana preta$ftextos Lia Gómez$gtrad. Teresa Souto
210 #9 $a[S.l.]$cAtlântico Press,$dD.L. 2024
215 ## $a15 p.$cil.$d27 cm
225 2# $a A energia das pedras$v50
675 ## $a615.85(035)$vBN$zpor$3876340
675 ## $a549.6(035)$vBN$zpor$31943270
675 ## $a133.2(035)$vBN$zpor$31224801
700 #1 $aGómez,$bLia$31894070
702 #1 $aSouto,$bTeresa Ana,$f1959-$4730$31187722
801 #0 $aPT$bBN$gRPC
856 41 $uhttp://rnod.bnportugal.gov.pt/ImagesBN/winlibimg.aspx?skey=&doc=2233532&img=216430&save=true
900 ## $aBIBNAC$d20260106
966 ## $lBN$mFGMON$sS.A. 192468 V.$x1
966 ## $lBN$mFGMON$sS.A. 192468 V.-D$x1
971 ## $cabrito$d20251203
972 ## $e0$z0$d20260106$viquintas
Etiqueta de registo: 00254nam 2200025 450
001 2233529
003 http://id.bnportugal.gov.pt/bib/catbnp/2233529
010 ## $a978-989-571-360-8
021 ## $aPT$b536297/24
100 ## $a20251203d2024 m y0pory01030103ba
101 1# $apor
102 ## $aPT
105 ## $aa z 000yy
106 ## $ar
200 1# $aCalcite verde$ftextos Lia Gómez$gtrad. Teresa Souto
210 #9 $a[S.l.]$cAtlântico Press,$dD.L. 2024
215 ## $a15 p.$cil.$d27 cm
225 2# $a A energia das pedras$v49
675 ## $a615.85(035)$vBN$zpor$3876340
675 ## $a549.74(035)$vBN$zpor$31965924
675 ## $a133.2(035)$vBN$zpor$31224801
700 #1 $aGómez,$bLia$31894070
702 #1 $aSouto,$bTeresa Ana,$f1959-$4730$31187722
801 #0 $aPT$bBN$gRPC
856 41 $uhttp://rnod.bnportugal.gov.pt/ImagesBN/winlibimg.aspx?skey=&doc=2233529&img=216429&save=true
900 ## $aBIBNAC$d20260106
966 ## $lBN$mFGMON$sS.A. 192467 V.$x1
966 ## $lBN$mFGMON$sS.A. 192467 V.-D$x1
971 ## $cabrito$d20251203
972 ## $e0$z0$d20260106$viquintas
973 ## $cmlsousa$d20251209
Etiqueta de registo: 00254nam 2200025 450
001 2233526
003 http://id.bnportugal.gov.pt/bib/catbnp/2233526
010 ## $a978-989-571-359-2
021 ## $aPT$b536295/24
100 ## $a20251203d2024 m y0pory01030103ba
101 1# $apor
102 ## $aPT
105 ## $aa z 000yy
106 ## $ar
200 1# $aQuartzo rutilado$ftextos Lia Gómez$gtrad. Teresa Souto
210 #9 $a[S.l.]$cAtlântico Press,$dD.L. 2024
215 ## $a15 p.$cil.$d27 cm
225 2# $a A energia das pedras$v48
675 ## $a615.85(035)$vBN$zpor$3876340
675 ## $a549.6(035)$vBN$zpor$31943270
675 ## $a133.2(035)$vBN$zpor$31224801
700 #1 $aGómez,$bLia$31894070
702 #1 $aSouto,$bTeresa Ana,$f1959-$4730$31187722
801 #0 $aPT$bBN$gRPC
856 41 $uhttp://rnod.bnportugal.gov.pt/ImagesBN/winlibimg.aspx?skey=&doc=2233526&img=216428&save=true
900 ## $aBIBNAC$d20260106
966 ## $lBN$mFGMON$sS.A. 192466 V.$x1
966 ## $lBN$mFGMON$sS.A. 192466 V.-D$x1
971 ## $cabrito$d20251203
972 ## $e0$z0$d20260106$viquintas
973 ## $cmlsousa$d20251209
Etiqueta de registo: 00254nam 2200025 450
001 2233520
003 http://id.bnportugal.gov.pt/bib/catbnp/2233520
010 ## $a978-989-571-358-5
021 ## $aPT$b536294/24
100 ## $a20251203d2024 m y0pory01030103ba
101 1# $apor
102 ## $aPT
105 ## $aa z 000yy
106 ## $ar
200 1# $aRubi$ftextos Lia Gómez$gtrad. Teresa Souto
210 #9 $a[S.l.]$cAtlântico Press,$dD.L. 2024
215 ## $a15 p.$cil.$d27 cm
225 2# $a A energia das pedras$v47
675 ## $a615.85(035)$vBN$zpor$3876340
675 ## $a549.51(035)$vBN$zpor$31965933
675 ## $a133.2(035)$vBN$zpor$31224801
700 #1 $aGómez,$bLia$31894070
702 #1 $aSouto,$bTeresa Ana,$f1959-$4730$31187722
801 #0 $aPT$bBN$gRPC
856 41 $uhttp://rnod.bnportugal.gov.pt/ImagesBN/winlibimg.aspx?skey=&doc=2233520&img=216427&save=true
900 ## $aBIBNAC$d20260106
966 ## $lBN$mFGMON$sS.A. 192465 V.$x1
966 ## $lBN$mFGMON$sS.A. 192465 V.-D$x1
971 ## $cabrito$d20251203
972 ## $e0$z0$d20260106$viquintas
973 ## $cmlsousa$d20251209
Etiqueta de registo: 00254nam 2200025 450
001 2233519
003 http://id.bnportugal.gov.pt/bib/catbnp/2233519
010 ## $a978-989-571-369-1
021 ## $aPT$b536311/24
100 ## $a20251203d2024 m y0pory01030103ba
101 1# $apor
102 ## $aPT
105 ## $aa z 000yy
106 ## $ar
200 1# $aRiólito$ftextos Lia Gómez$gtrad. Teresa Souto
210 #9 $a[S.l.]$cAtlântico Press,$dD.L. 2024
215 ## $a15 p.$cil.$d27 cm
225 2# $a A energia das pedras$v58
675 ## $a615.8(035)$vBN$zpor$3338862
675 ## $a552.32(035)$vBN$zpor$31973846
675 ## $a133.2(035)$vBN$zpor$31224801
700 #1 $aGómez,$bLia$31894070
702 #1 $aSouto,$bTeresa Ana,$f1959-$4730$31187722
801 #0 $aPT$bBN$gRPC
856 41 $uhttp://rnod.bnportugal.gov.pt/ImagesBN/winlibimg.aspx?skey=&doc=2233519&img=216352&save=true
900 ## $aBIBNAC$d20251230
966 ## $lBN$mFGMON$sS.A. 192454 V.$x1
966 ## $lBN$mFGMON$sS.A. 192454 V.-D$x1
971 ## $corlando$d20251203
972 ## $e0$z0$d20251230$vlrevez
973 ## $cmlsousa$d20251205
Etiqueta de registo: 00254nam 2200025 450
001 2233517
003 http://id.bnportugal.gov.pt/bib/catbnp/2233517
010 ## $a978-989-571-357-8
021 ## $aPT$b536293/24
100 ## $a20251203d2024 m y0pory01030103ba
101 1# $apor
102 ## $aPT
105 ## $aa z 000yy
106 ## $ar
200 1# $aÁgata Botswana$ftextos Lia Gómez$gtrad. Teresa Souto
210 #9 $a[S.l.]$cAtlântico Press,$dD.L. 2024
215 ## $a15 p.$cil.$d27 cm
225 2# $a A energia das pedras$v46
675 ## $a615.85(035)$vBN$zpor$3876340
675 ## $a549.6(035)$vBN$zpor$31943270
675 ## $a133.2(035)$vBN$zpor$31224801
700 #1 $aGómez,$bLia$31894070
702 #1 $aSouto,$bTeresa Ana,$f1959-$4730$31187722
801 #0 $aPT$bBN$gRPC
856 41 $uhttp://rnod.bnportugal.gov.pt/ImagesBN/winlibimg.aspx?skey=&doc=2233517&img=216426&save=true
900 ## $aBIBNAC$d20260106
966 ## $lBN$mFGMON$sS.A. 192464 V.$x1
966 ## $lBN$mFGMON$sS.A. 192464 V.-D$x1
971 ## $cabrito$d20251203
972 ## $e0$z0$d20260106$viquintas
973 ## $cmlsousa$d20251209
Etiqueta de registo: 00254nam 2200025 450
001 2233513
003 http://id.bnportugal.gov.pt/bib/catbnp/2233513
010 ## $a978-989-571-356-1
021 ## $aPT$b536288/24
100 ## $a20251203d2024 m y0pory01030103ba
101 1# $apor
102 ## $aPT
105 ## $aa z 000yy
106 ## $ar
200 1# $aDolomite$ftextos Lia Gómez$gtrad. Teresa Souto
210 #9 $a[S.l.]$cAtlântico Press,$dD.L. 2024
215 ## $a15 p.$cil.$d27 cm
225 2# $a A energia das pedras$v45
675 ## $a615.85(035)$vBN$zpor$3876340
675 ## $a549.74(035)$vBN$zpor$31965924
675 ## $a133.2(035)$vBN$zpor$31224801
700 #1 $aGómez,$bLia$31894070
702 #1 $aSouto,$bTeresa Ana,$f1959-$4730$31187722
801 #0 $aPT$bBN$gRPC
856 41 $uhttp://rnod.bnportugal.gov.pt/ImagesBN/winlibimg.aspx?skey=&doc=2233513&img=216425&save=true
900 ## $aBIBNAC$d20260106
966 ## $lBN$mFGMON$sS.A. 192474 V.$x1
966 ## $lBN$mFGMON$sS.A. 192474 V.-D$x1
971 ## $cabrito$d20251203
972 ## $e0$z0$d20260106$viquintas
973 ## $cmlsousa$d20251209
Etiqueta de registo: 00254nam 2200025 450
001 2233510
003 http://id.bnportugal.gov.pt/bib/catbnp/2233510
010 ## $a978-989-571-355-4
021 ## $aPT$b536279/24
100 ## $a20251203d2024 m y0pory01030103ba
101 1# $apor
102 ## $aPT
105 ## $aa z 000yy
106 ## $ar
200 1# $aMalaquite$ftextos Lia Gómez$gtrad. Teresa Souto
210 #9 $a[S.l.]$cAtlântico Press,$dD.L. 2024
215 ## $a15 p.$cil.$d27 cm
225 2# $a A energia das pedras$v44
675 ## $a615.85(035)$vBN$zpor$3876340
675 ## $a549.74(035)$vBN$zpor$31965924
675 ## $a133.2(035)$vBN$zpor$31224801
700 #1 $aGómez,$bLia$31894070
702 #1 $aSouto,$bTeresa Ana,$f1959-$4730$31187722
801 #0 $aPT$bBN$gRPC
856 41 $uhttp://rnod.bnportugal.gov.pt/ImagesBN/winlibimg.aspx?skey=&doc=2233510&img=216799&save=true
900 ## $aBIBNAC$d20260112
966 ## $lBN$mFGMON$sS.A. 192560 V.$x1
966 ## $lBN$mFGMON$sS.A. 192560 V.-D$x1
971 ## $cabrito$d20251203
972 ## $e0$z0$d20260112$vasantos
973 ## $cmlsousa$d20251209
974 ## $e0$d20251217$vrsimoes
Etiqueta de registo: 00254nam 2200025 450
001 2233505
003 http://id.bnportugal.gov.pt/bib/catbnp/2233505
010 ## $a978-989-571-354-7
021 ## $aPT$b536278/24
100 ## $a20251203d2024 m y0pory01030103ba
101 1# $apor
102 ## $aPT
105 ## $aa z 000yy
106 ## $ar
200 1# $aJaspe sardo$ftextos Lia Gómez$gtrad. Teresa Souto
210 #9 $a[S.l.]$cAtlântico Press,$dD.L. 2024
215 ## $a15 p.$cil.$d27 cm
225 2# $a A energia das pedras$v43
675 ## $a615.85(035)$vBN$zpor$3876340
675 ## $a133.2(035)$vBN$zpor$31224801
675 ## $a549.6(035)$vBN$zpor$31943270
700 #1 $aGómez,$bLia$31894070
702 #1 $aSouto,$bTeresa Ana,$f1959-$4730$31187722
801 #0 $aPT$bBN$gRPC
856 41 $uhttp://rnod.bnportugal.gov.pt/ImagesBN/winlibimg.aspx?skey=&doc=2233505&img=216797&save=true
900 ## $aBIBNAC$d20260112
966 ## $lBN$mFGMON$sS.A. 192559 V.$x1
966 ## $lBN$mFGMON$sS.A. 192559 V.-D$x1
971 ## $cabrito$d20251203
972 ## $e0$z0$d20260112$vasantos
973 ## $cmlsousa$d20251209
974 ## $e0$d20251217$vrsimoes
Etiqueta de registo: 00254nam 2200025 450
001 2233503
003 http://id.bnportugal.gov.pt/bib/catbnp/2233503
010 ## $a978-989-571-347-9
021 ## $aPT$b532489/24
100 ## $a20251203d2024 m y0pory01030103ba
101 1# $apor
102 ## $aPT
105 ## $aa z 000yy
106 ## $ar
200 1# $aObsidiana floco de neve$ftextos Lia Gómez$gtrad. Teresa Souto
210 #9 $a[S.l.]$cAtlântico Press,$dD.L. 2024
215 ## $a15 p.$cil.$d27 cm
225 2# $a A energia das pedras$v42
675 ## $a615.85(035)$vBN$zpor$3876340
675 ## $a549.6(035)$vBN$zpor$31943270
675 ## $a133.2(035)$vBN$zpor$31224801
700 #1 $aGómez,$bLia$31894070
702 #1 $aSouto,$bTeresa Ana,$f1959-$4730$31187722
801 #0 $aPT$bBN$gRPC
856 41 $uhttp://rnod.bnportugal.gov.pt/ImagesBN/winlibimg.aspx?skey=&doc=2233503&img=216796&save=true
900 ## $aBIBNAC$d20260112
966 ## $lBN$mFGMON$sS.A. 192558 V.$x1
966 ## $lBN$mFGMON$sS.A. 192558 V.-D$x1
971 ## $cabrito$d20251203
972 ## $e0$z0$d20260112$vasantos
973 ## $cmlsousa$d20251209
974 ## $e0$d20251217$vrsimoes
Etiqueta de registo: 00254nam 2200025 450
001 2233515
003 http://id.bnportugal.gov.pt/bib/catbnp/2233515
010 ## $a978-989-571-368-4
021 ## $aPT$b536310/24
100 ## $a20251203d2024 m y0pory01030103ba
101 1# $apor
102 ## $aPT
105 ## $aa z 000yy
106 ## $ar
200 1# $aHeliotrópio$ftextos Lia Gómez$gtrad. Teresa Souto
210 #9 $a[S.l.]$cAtlântico Press,$dD.L. 2024
215 ## $a15 p.$cil.$d27 cm
225 2# $a A energia das pedras$v57
675 ## $a615.8(035)$vBN$zpor$3338862
675 ## $a133.2(035)$vBN$zpor$31224801
675 ## $a549.6(035)$vBN$zpor$31943270
700 #1 $aGómez,$bLia$31894070
702 #1 $aSouto,$bTeresa Ana,$f1959-$4730$31187722
801 #0 $aPT$bBN$gRPC
856 41 $uhttp://rnod.bnportugal.gov.pt/ImagesBN/winlibimg.aspx?skey=&doc=2233515&img=216351&save=true
900 ## $aBIBNAC$d20251230
966 ## $lBN$mFGMON$sS.A. 192456 V.$x1
966 ## $lBN$mFGMON$sS.A. 192456 V.-D$x1
971 ## $corlando$d20251203
972 ## $e0$z0$d20251230$vlrevez
973 ## $cmlsousa$d20251205
Etiqueta de registo: 00254nam 2200025 450
001 2233511
003 http://id.bnportugal.gov.pt/bib/catbnp/2233511
010 ## $a978-989-571-366-0
021 ## $aPT$b536307/24
100 ## $a20251203d2024 m y0pory01030103ba
101 1# $apor
102 ## $aPT
105 ## $aa z 000yy
106 ## $ar
200 1# $aOlho-de falcão$ftextos Lia Gómez$gtrad. Teresa Souto
210 #9 $a[S.l.]$cAtlântico Press,$dD.L. 2024
215 ## $a15 p.$cil.$d27 cm
225 2# $a A energia das pedras$v55
675 ## $a615.8(035)$vBN$zpor$3338862
675 ## $a549.6(035)$vBN$zpor$31943270
675 ## $a133.2(035)$vBN$zpor$31224801
700 #1 $aGómez,$bLia$31894070
702 #1 $aSouto,$bTeresa Ana,$f1959-$4730$31187722
801 #0 $aPT$bBN$gRPC
856 41 $uhttp://rnod.bnportugal.gov.pt/ImagesBN/winlibimg.aspx?skey=&doc=2233511&img=216350&save=true
900 ## $aBIBNAC$d20251230
966 ## $lBN$mFGMON$sS.A. 192455 V.$x1
966 ## $lBN$mFGMON$sS.A. 192455 V.-D$x1
971 ## $corlando$d20251203
972 ## $e0$z0$d20251230$vlrevez
973 ## $cmlsousa$d20251205
Etiqueta de registo: 00254nam 2200025 450
001 2233507
003 http://id.bnportugal.gov.pt/bib/catbnp/2233507
010 ## $a978-989-571-364-6
021 ## $aPT$b536302/24
100 ## $a20251203d2024 m y0pory01030103ba
101 1# $apor
102 ## $aPT
105 ## $aa z 000yy
106 ## $ar
200 1# $aQuartzo fumado$ftextos Lia Gómez$gtrad. Teresa Souto
210 #9 $a[S.l.]$cAtlântico Press,$dD.L. 2024
215 ## $a15 p.$cil.$d27 cm
225 2# $a A energia das pedras$v53
675 ## $a615.8(035)$vBN$zpor$3338862
675 ## $a549.6(035)$vBN$zpor$31943270
675 ## $a133.2(035)$vBN$zpor$31224801
700 #1 $aGómez,$bLia$31894070
702 #1 $aSouto,$bTeresa Ana,$f1959-$4730$31187722
801 #0 $aPT$bBN$gRPC
856 41 $uhttp://rnod.bnportugal.gov.pt/ImagesBN/winlibimg.aspx?skey=&doc=2233507&img=216349&save=true
900 ## $aBIBNAC$d20251230
966 ## $lBN$mFGMON$sS.A. 192453 V.$x1
966 ## $lBN$mFGMON$sS.A. 192453 V.-D$x1
971 ## $corlando$d20251203
972 ## $e0$z0$d20251230$vlrevez
973 ## $cmlsousa$d20251205